Random Catalan Words - Statistics

General Stats
  • This quiz has been taken 692 times
  • The average score is 11 of 24
Answer Stats
Catalan English % Correct
un a
100%
absurd absurd
100%
acadèmica academic
100%
acceptar accept
100%
accés access
100%
accessible accessible
100%
accidentalment accidentally
100%
compte account
100%
acumular accumulate
100%
acumulació accumulation
100%
actuar act
100%
activista activist
100%
activitat activity
100%
addicionalment additionally
100%
adequat adequate
100%
adjacents adjacent
100%
ajustar adjust
100%
ajust adjustment
100%
administrador administrator
100%
admissió admission
100%
adolescent adolescent
100%
adoptar adopt
100%
adopció adoption
100%
adorable adorable
100%
aventura adventure
100%
adversos adverse
100%
de nou again
100%
agència agency
100%
agenda agenda
100%
agent agent
100%
aire air
100%
aeroport airport
100%
alcohol alcohol
100%
aliança alliance
100%
també also
100%
alterar alter
100%
increïble amazing
100%
ambaixador ambassador
100%
ambició ambition
100%
analogia analogy
100%
i and
100%
àngel angel
100%
ira anger
100%
animal animal
100%
molest annoyed
100%
molest annoying
100%
ningú anyone
100%
apel·lació appeal
100%
aparença appearance
100%
poma apple
100%
aplicable applicable
100%
aplicar apply
100%
aprovar approve
100%
arquitecte architect
100%
arquitectura architecture
100%
arribar arrive
100%
artificial artificial
100%
artística artistic
100%
aspecte aspect
100%
assistent assistant
100%
associat associate
100%
assumir assume
100%
asil asylum
100%
a les at
100%
atleta athlete
100%
auditoria audit
100%
tia aunt
100%
autor author
100%
autoritat authority
100%
automàtic auto
100%
automàtic automatic
100%
papereta ballot
100%
barrera barrier
100%
base base
100%
batalla battle
100%
ser be
100%
platja beach
100%
bèstia beast
100%
bonic beautiful
100%
bellesa beauty
100%
llit bed
100%
creure believe
100%
timbre bell
100%
pertànyer belong
100%
baix below
100%
banc bench
100%
benefici benefit
100%
bicicleta bicycle
100%
biologia biology
100%
naixement birth
100%
amarg bitter
100%
negre black
100%
culpa blame
100%
cos body
100%
llibre book
100%
frontera border
100%
bol bowl
100%
esmorzar breakfast
100%
respiració breath
100%
pont bridge
100%
portar bring
100%
brutal brutal
100%
edifici building
100%
burocràcia bureaucracy
100%
papallona butterfly
100%
adéu bye
100%
cable cable
100%
pastís cake
100%
campanya campaign
100%
no pot cannot
100%
cap cap
100%
capital capital
100%
captura capture
100%
gat cat
100%
categoria category
100%
CD CD
100%
celebrar celebrate
100%
celebració celebration
100%
central central
100%
certesa certainty
100%
campionat championship
100%
Chaos chaos
100%
comprovar check
100%
química chemistry
100%
infantesa childhood
100%
Església church
100%
cigarret cigarette
100%
circulació circulation
100%
circumstància circumstance
100%
ciutat city
100%
cívic civic
100%
civil civil
100%
reclamació claim
100%
net clean
100%
clima climate
100%
coalició coalition
100%
codi code
100%
coincidència coincidence
100%
col·lapse collapse
100%
col·lisió collision
100%
combinació combination
100%
còmic comic
100%
comentarista commentator
100%
comerç commerce
100%
comú common
100%
comunicar-se communicate
100%
comparable comparable
100%
comparar compare
100%
comparació comparison
100%
compassió compassion
100%
compensació compensation
100%
competidor competitor
100%
completa complete
100%
complexitat complexity
100%
complicació complication
100%
concedir concede
100%
concentrar concentrate
100%
concentració concentration
100%
concloure conclude
100%
condició condition
100%
confessar confess
100%
confessió confession
100%
confiança confidence
100%
confirmar confirm
100%
confós confused
100%
connexió connection
100%
consciència conscience
100%
consecutives consecutive
100%
consistència consistency
100%
consistent consistent
100%
consolidar consolidate
100%
conspiració conspiracy
100%
constant constant
100%
constitucional constitutional
100%
consumir consume
100%
contacte contact
100%
contemporani contemporary
100%
contradicció contradiction
100%
contribució contribution
100%
polèmica controversial
100%
convenient convenient
100%
Convenció convention
100%
convertir convert
100%
convençut convinced
100%
cantonada corner
100%
correcció correction
100%
correlacionar correlate
100%
correspondència correspondence
100%
comptador counter
100%
país country
100%
boig crazy
100%
creació creation
100%
creatiu creative
100%
creativitat creativity
100%
creador creator
100%
criticar criticize
100%
cocodril crocodile
100%
creu cross
100%
curiositat curiosity
100%
ballant dancing
100%
data date
100%
filla daughter
100%
mort dead
100%
mortal deadly
100%
mort death
100%
desembre December
100%
decisiu decisive
100%
declaració declaration
100%
decoració decoration
100%
profundament deeply
100%
derrota defeat
100%
defensa defence
100%
deficiència deficiency
100%
definir define
100%
delicat delicate
100%
deliciós delicious
100%
demostració demonstration
100%
departament department
100%
depenen depend
100%
dependent dependent
100%
depriment depressing
100%
depressió depression
100%
dissenyador designer
100%
devastar devastate
100%
dispositiu device
100%
diferents different
100%
difícil difficult
100%
diplomàtic diplomatic
100%
directe direct
100%
directament directly
100%
director director
100%
discapacitat disability
100%
disc disc
100%
disciplina discipline
100%
discreció discretion
100%
discriminació discrimination
100%
plat dish
100%
distància distance
100%
distinció distinction
100%
distribució distribution
100%
districte district
100%
diversa diverse
100%
dividir divide
100%
divorci divorce
100%
divorciats divorced
100%
doctrina doctrine
100%
document document
100%
documentació documentation
100%
arrossegar drag
100%
dramàtica dramatic
100%
vestit dress
100%
conduir drive
100%
durant during
100%
DVD DVD
100%
dinàmic dynamic
100%
amb ganes eager
100%
d’hora early
100%
fàcil easy
100%
eficient efficient
100%
divuit anys eighteen
100%
elaborar elaborate
100%
onze eleven
100%
emergència emergence
100%
emergència emergency
100%
emocional emotional
100%
imperi empire
100%
enemic enemy
100%
energia energy
100%
enginyeria engineering
100%
enriquir enrich
100%
entusiasme enthusiasm
100%
entusiasta enthusiast
100%
entrada entrance
100%
equipar equip
100%
equipament equipment
100%
assaig essay
100%
etern eternal
100%
ètica ethic
100%
cada every
100%
evolució evolution
100%
exacte exact
100%
examen exam
100%
excel · lent excellent
100%
excepcional exceptional
100%
excloure exclude
100%
exclusió exclusion
100%
exclusiu exclusive
100%
execució execution
100%
executiu executive
100%
existència existence
100%
sortida exit
100%
expedició expedition
100%
experiment experiment
100%
explícitament explicitly
100%
explotar exploit
100%
exportar export
100%
extraordinari extraordinary
100%
extremista extremist
100%
ull eye
100%
fabulós fabulous
100%
fracassat failed
100%
fe faith
100%
ràpid fast
100%
culpa fault
100%
favorable favourable
100%
por fear
100%
federal federal
100%
quota fee
100%
febre fever
100%
ficció fiction
100%
quinze fifteen
100%
figura figure
100%
omplir fill
100%
finalment finally
100%
Finances finance
100%
focs artificials firework
100%
fermament firmly
100%
primer first
100%
pescar fishing
100%
flama flame
100%
farina flour
100%
focus focus
100%
peu foot
100%
bosc forest
100%
oblidar forget
100%
format format
100%
fortuna fortune
100%
fòrum forum
100%
fundador founder
100%
catorze fourteen
100%
fragment fragment
100%
marc frame
100%
lliure free
100%
divendres Friday
100%
amic friend
100%
amigable friendly
100%
amistat friendship
100%
fruita fruit
100%
fonamental fundamental
100%
fonamentalment fundamentally
100%
funeral funeral
100%
més lluny further
100%
futur future
100%
colla gang
100%
general general
100%
en general generally
100%
generació generation
100%
generós generous
100%
genètica genetic
100%
genuí genuine
100%
genuïnament genuinely
100%
aconseguir get
100%
donar give
100%
vidre glass
100%
globalització globalization
100%
globus globe
100%
gloriós glorious
100%
anar go
100%
objectiu goal
100%
cabra goat
100%
Déu god
100%
daurat golden
100%
bondat goodness
100%
governar govern
100%
govern government
100%
gràcia grace
100%
avi grandfather
100%
tomba grave
100%
gris grey
100%
créixer grow
100%
garantia guarantee
100%
guàrdia guard
100%
endevina guess
100%
convidat guest
100%
budell gut
100%
hàbit habit
100%
feliçment happily
100%
feliç happy
100%
dany harm
100%
odi hate
100%
mal de cap headache
100%
curar heal
100%
audició hearing
100%
ell him
100%
maluc hip
100%
hipopòtam hippopotamus
100%
història history
100%
forat hole
100%
casa home
100%
honor honour
100%
esperança hope
100%
horrible horrible
100%
hospital hospital
100%
ostatge hostage
100%
hotel hotel
100%
fam hunger
100%
ideal ideal
100%
idèntics identical
100%
si if
100%
il·legal illegal
100%
il·lustrar illustrate
100%
immediatament immediately
100%
imminent imminent
100%
impacte impact
100%
importar import
100%
important important
100%
impossible impossible
100%
inclusió inclusion
100%
incorporar incorporate
100%
en efecte indeed
100%
independència independence
100%
independent independent
100%
industrial industrial
100%
inevitable inevitable
100%
inferir infer
100%
influència influence
100%
infraestructura infrastructure
100%
inherent inherent
100%
inicial initial
100%
inicialment initially
100%
ferir injure
100%
insisteix insist
100%
inspiració inspiration
100%
inspirar inspire
100%
instància instance
100%
instant instant
100%
institució institution
100%
instruir instruct
100%
instrucció instruction
100%
instrument instrument
100%
integral integral
100%
integració integration
100%
intel · lectual intellectual
100%
interior interior
100%
interrompre interrupt
100%
interval interval
100%
introduir introduce
100%
irònicament ironically
100%
articulació joint
100%
júnior junior
100%
justificació justification
100%
justificar justify
100%
coala koala
100%
laboratori lab
100%
etiqueta label
100%
paisatge landscape
100%
volta lap
100%
lliga league
100%
legal legal
100%
llegendari legendary
100%
legislació legislation
100%
legítim legitimate
100%
llimona lemon
100%
lleopard leopard
100%
menys less
100%
llibertat liberty
100%
biblioteca library
100%
llicència licence
100%
estil de vida lifestyle
100%
llum light
100%
membre limb
100%
litre litre
100%
llama llama
100%
préstec loan
100%
lògica logic
100%
més baix lower
100%
dinar lunch
100%
maquinària machinery
100%
magnitud magnitude
100%
principal main
100%
maquillatge make-up
100%
manipular manipulate
100%
manera manner
100%
mercat market
100%
massa mass
100%
madur mature
100%
mesura measure
100%
meditació meditation
100%
esmentar mention
100%
mètode method
100%
llet milk
100%
minut minute
100%
miracle miracle
100%
misèria misery
100%
barrejat mixed
100%
modern modern
100%
monstre monster
100%
monument monument
100%
estat d’ànim mood
100%
mosquit mosquito
100%
motivar motivate
100%
mare mum
100%
assassinat murder
100%
museu museum
100%
musical musical
100%
mútua mutual
100%
meu my
100%
misteriós mysterious
100%
nació nation
100%
natural natural
100%
naval naval
100%
navegació navigation
100%
necessàriament necessarily
100%
agulla needle
100%
barri neighbourhood
100%
nerviós nervous
100%
nou new
100%
Pròxim next
100%
nominació nomination
100%
normal normal
100%
normalment normally
100%
nota note
100%
notificar notify
100%
novel·lista novelist
100%
nombrosos numerous
100%
nutrició nutrition
100%
obligació obligation
100%
observació observation
100%
obsessionar obsess
100%
obsessió obsession
100%
evident obvious
100%
ocupar occupy
100%
de of
100%
oficial officer
100%
oficial official
100%
oli oil
100%
un cop once
100%
operador operator
100%
opinió opinion
100%
oponent opponent
100%
oportunitat opportunity
100%
orgànica organic
100%
organitzar organize
100%
originar originate
100%
altres other
100%
nostre our
100%
nosaltres mateixos ourselves
100%
fora out
100%
pintura paint
100%
pànic panic
100%
parc park
100%
parlamentària parliamentary
100%
part part
100%
parcial partial
100%
parcialment partially
100%
particularment particularly
100%
passió passion
100%
passaport passport
100%
contrasenya password
100%
pacient patient
100%
per cent per cent
100%
perfectament perfectly
100%
període period
100%
permanent permanent
100%
fotografia photograph
100%
fotografia photography
100%
metge physician
100%
piano piano
100%
pastilla pill
100%
pilot pilot
100%
rosa pink
100%
plataforma platform
100%
si us plau please
100%
butxaca pocket
100%
punt point
100%
policia police
100%
política politics
100%
piscina pool
100%
popular popular
100%
popularitat popularity
100%
patata potato
100%
abocar pour
100%
poder power
100%
potent powerful
100%
pràctic practical
100%
precedent precedent
100%
precisió precision
100%
predecessor predecessor
100%
preferir prefer
100%
preferència preference
100%
prejudici prejudice
100%
preparat prepared
100%
president president
100%
preu price
100%
orgull pride
100%
primària primary
100%
príncep prince
100%
principal principal
100%
privilegi privilege
100%
probablement probably
100%
procedeix proceeds
100%
productor producer
100%
professional professional
100%
benefici profit
100%
programa program
100%
progrés, progressar progress
100%
progressiu progressive
100%
projecte project
100%
promoció promotion
100%
propaganda propaganda
100%
protesta protest
100%
província province
100%
Psicologia psychology
100%
públic public
100%
publicitat publicity
100%
publicar publish
100%
cadell puppy
100%
quantitat quantity
100%
reina queen
100%
pregunta question
100%
bastant quite
100%
racial racial
100%
radiació radiation
100%
aleatòria random
100%
poques vegades rarely
100%
reaccionar react
100%
llegir read
100%
realista realistic
100%
raonable reasonable
100%
raonablement reasonably
100%
reconstruir rebuild
100%
recentment recently
100%
recessió recession
100%
recepta recipe
100%
reconeixement recognition
100%
reclutament recruitment
100%
vermell red
100%
referència reference
100%
refugiat refugee
100%
regional regional
100%
regulador regulator
100%
rehabilitació rehabilitation
100%
relació relationship
100%
relaxa’t relax
100%
rellevants relevant
100%
fiable reliable
100%
recorda remember
100%
renderitzar render
100%
renovar renew
100%
lloguer rent
100%
residu residue
100%
resistència resistance
100%
respondre respond
100%
responsabilitat responsibility
100%
responsable responsible
100%
restaurant restaurant
100%
restaurar restore
100%
resultat result
100%
ridícul ridiculous
100%
anell ring
100%
rival rival
100%
riu river
100%
roca rock
100%
sostre roof
100%
rugbi rugby
100%
rumor rumour
100%
pressa rush
100%
sacrifici sacrifice
100%
sanció sanction
100%
salsa sauce
100%
dir say
100%
espantat scared
100%
escena scene
100%
escultura sculpture
100%
seleccionar select
100%
selectiva selective
100%
vendre sell
100%
senador senator
100%
enviar send
100%
sensible sensible
100%
separació separation
100%
setembre September
100%
seriosament seriously
100%
servir serve
100%
sexy sexy
100%
poc profund shallow
100%
tauró shark
100%
ella she
100%
disparar shoot
100%
escassetat shortage
100%
tir shot
100%
hauria should
100%
sospir sigh
100%
signatura signature
100%
senzill simple
100%
situat situated
100%
situació situation
100%
setze sixteen
100%
petit small
100%
futbol soccer
100%
socials social
100%
societat society
100%
solar solar
100%
sòlid solid
100%
solució solution
100%
alguna cosa something
100%
aviat soon
100%
especial special
100%
especialista specialist
100%
específic specific
100%
espectacle spectacle
100%
espectre spectrum
100%
especular speculate
100%
especulació speculation
100%
velocitat speed
100%
aranya spider
100%
esport sport
100%
propagació spread
100%
primavera spring
100%
punyalada stab
100%
escala stair
100%
segell stamp
100%
començar start
100%
estadística statistic
100%
vapor steam
100%
estereotip stereotype
100%
estímul stimulus
100%
història story
100%
estricte strict
100%
estrictament strictly
100%
fort strong
100%
estructural structural
100%
coses stuff
100%
substància substance
100%
substitut substitute
100%
tenir èxit succeed
100%
suggerir suggest
100%
suïcidi suicide
100%
estiu summer
100%
suplement supplement
100%
suport support
100%
suposar suppose
100%
segurament surely
100%
cirurgià surgeon
100%
enquesta survey
100%
supervivència survival
100%
suspendre suspend
100%
escombrar sweep
100%
nedar swim
100%
símbol symbol
100%
simbòlica symbolic
100%
sistemàtica systematic
100%
tàctica tactic
100%
talent talent
100%
talentós talented
100%
taxi taxi
100%
ensenyar teach
100%
professor teacher
100%
tecnologia technology
100%
telèfon telephone
100%
televisió television
100%
tendència tendency
100%
tennis tennis
100%
terme term
100%
terrible terrible
100%
territori territory
100%
gràcies thank
100%
ells them
100%
teoria theory
100%
teràpia therapy
100%
pensant thinking
100%
tercer third
100%
tretze thirteen
100%
trenta thirty
100%
tres three
100%
tigre tiger
100%
temporització timing
100%
junts together
100%
peatge toll
100%
demà tomorrow
100%
tortura torture
100%
tocar touch
100%
tòxic toxic
100%
tradició tradition
100%
tradicional traditional
100%
tràgic tragic
100%
entrenador trainer
100%
transcripció transcript
100%
transmissió transmission
100%
transport transport
100%
viatjar travel
100%
arbre tree
100%
tendència trend
100%
bilió trillion
100%
trio trio
100%
Trofeu trophy
100%
veritat truth
100%
tub tube
100%
dimarts Tuesday
100%
tortuga turtle
100%
tipus type
100%
lleig ugly
100%
incertesa uncertainty
100%
Unió union
100%
universal universal
100%
a diferència unlike
100%
innecessari unnecessary
100%
urbà urban
100%
utilitzar use
100%
acostumat used to
100%
vast vast
100%
vegetal vegetable
100%
verificar verify
100%
veterà veteran
100%
vista view
100%
violència violence
100%
violents violent
100%
visat visa
100%
visió vision
100%
visual visual
100%
voluntària voluntary
100%
voluntari volunteer
100%
vulnerabilitat vulnerability
100%
despertar wake
100%
paret wall
100%
guerrer warrior
100%
aigua water
100%
onada wave
100%
nosaltres we
100%
casament wedding
100%
setmana week
100%
cap de setmana weekend
100%
Benvingut welcome
100%
benestar well-being
100%
balena whale
100%
roda wheel
100%
mentre while
100%
xiuxiuejar whisper
100%
blanc white
100%
guanyador winner
100%
paraula word
100%
treballador worker
100%
fer exercici workout
100%
preocupat worried
100%
preocupar-se worry
100%
pitjor worst
100%
digne worthy
100%
faria would
100%
escriptor writer
100%
escrit written
100%
groc yellow
100%
jove young
100%
zero zero
100%
zona zone
100%
cinema cinema
75%
exactament exactly
75%
angle angle
67%
zona area
67%
banc bank
67%
construir build
67%
entrenador coach
67%
Costa coast
67%
cafè coffee
67%
moneda coin
67%
demanda demand
67%
error error
67%
explosió explosion
67%
extrem extreme
67%
garatge garage
67%
hoquei hockey
67%
humà human
67%
infame infamous
67%
mecànica mechanical
67%
metàfora metaphor
67%
militant militant
67%
negatiu negative
67%
ràpid quick
67%
servei service
67%
temporal temporary
67%
accent accent
50%
sol alone
50%
amateur amateur
50%
aplicació application
50%
cita appointment
50%
apreciació appreciation
50%
al voltant around
50%
bàsicament basically
50%
suplicar beg
50%
creença belief
50%
bicicleta bike
50%
cec blind
50%
avorrit bored
50%
noi boy
50%
càlcul calculation
50%
carruatge carriage
50%
sostre ceiling
50%
centre centre
50%
tancament closure
50%
còctel cocktail
50%
colorit colourful
50%
columna column
50%
confiat confident
50%
confusió confusion
50%
consens consensus
50%
consumidor consumer
50%
guai cool
50%
corresponent corresponding
50%
gatejar crawl
50%
crític critical
50%
cultura culture
50%
actualment currently
50%
declarar declare
50%
negar deny
50%
determinació determination
50%
difereixen differ
50%
decebut disappointed
50%
diversitat diversity
50%
tambor drum
50%
efectiu effective
50%
ambaixada embassy
50%
emocionalment emotionally
50%
gaudir enjoy
50%
enorme enormous
50%
entusiasta enthusiastic
50%
erecte erect
50%
euro euro
50%
excessiu excessive
50%
exposició exhibit
50%
expansió expansion
50%
menjar food
50%
metratge footage
50%
porta gate
50%
reunir gather
50%
gest gesture
50%
àvia grandmother
50%
a mig camí halfway
50%
cap head
50%
hola hi
50%
amagat hidden
50%
hores hour
50%
caçar hunt
50%
implementació implementation
50%
inhibir inhibit
50%
integrar integrate
50%
interactuar interact
50%
irònic ironic
50%
nen kid
50%
kit kit
50%
gatet kitten
50%
llargada length
50%
nivell level
50%
liberal liberal
50%
principalment mainly
50%
gerent manager
50%
marcador marker
50%
matemàtiques maths
50%
matèria matter
50%
jo me
50%
menú menu
50%
miner miner
50%
Ministeri ministry
50%
pel·lícula movie
50%
municipals municipal
50%
negociar negotiate
50%
xarxa network
50%
nou nine
50%
Ningú no one
50%
nord north
50%
notablement notably
50%
notòria notorious
50%
oposició opposition
50%
ordre order
50%
permanentment permanently
50%
foto photo
50%
positiu positive
50%
potencial potential
50%
depredador predator
50%
presumir presume
50%
presó prison
50%
premi prize
50%
racional rational
50%
reconèixer recognize
50%
reproduir reproduce
50%
reputació reputation
50%
respectivament respectively
50%
resposta response
50%
satisfacció satisfaction
50%
vaixell ship
50%
silenciós silent
50%
soldat soldier
50%
de recanvi spare
50%
espècia spice
50%
enganxós sticky
50%
substitució substitution
50%
suficientment sufficiently
50%
cua tail
50%
prova test
50%
això that
50%
terapeuta therapist
50%
superior top
50%
comerç trade
50%
transport transportation
50%
típicament typically
50%
paraigua umbrella
50%
lamentable unfortunate
50%
malauradament unfortunately
50%
uniforme uniform
50%
via via
50%
virtut virtue
50%
espera wait
50%
càlid warm
50%
feble weak
50%
el temps weather
50%
sempre que whenever
50%
disposat willing
50%
meravella wonder
50%
trencat broken
33%
cent cent
33%
oportunitat chance
33%
enganyar cheat
33%
arreu everywhere
33%
pulmó lung
33%
mesquita mosque
33%
revelació revelation
33%
venjança revenge
33%
revisar revise
33%
sorprès surprised
33%
llançar throw
33%
humit wet
33%
testimoni witness
33%
abandonar abandon
0%
capacitat ability
0%
capaç able
0%
abolir abolish
0%
l’avortament abortion
0%
Sobre about
0%
a dalt above
0%
a l’estranger abroad
0%
absència absence
0%
absent absent
0%
absolut absolute
0%
absolutament absolutely
0%
absorbir absorb
0%
abstracte abstract
0%
abundància abundance
0%
abús abuse
0%
acadèmia academy
0%
accelerar accelerate
0%
acceptable acceptable
0%
acceptació acceptance
0%
accident accident
0%
acomodar accommodate
0%
allotjament accommodation
0%
acompanyar accompany
0%
aconseguir accomplish
0%
assoliment accomplishment
0%
acord accordance
0%
d’acord amb accordingly
0%
segons according to
0%
responsabilitat accountability
0%
responsable accountable
0%
comptable accountant
0%
precisió accuracy
0%
precís accurate
0%
amb precisió accurately
0%
acusació accusation
0%
acusar accuse
0%
acusat accused
0%
aconseguir achieve
0%
assoliment achievement
0%
àcid acid
0%
reconèixer acknowledge
0%
adquirir acquire
0%
adquisició acquisition
0%
acre acre
0%
a través de across
0%
acció action
0%
activar activate
0%
activació activation
0%
actiu active
0%
actor actor
0%
actriu actress
0%
real actual
0%
en realitat actually
0%
agut acute
0%
ad ad
0%
adaptar adapt
0%
adaptació adaptation
0%
afegir add
0%
adicció addiction
0%
addició addition
0%
addicionals additional
0%
adreça address
0%
adequadament adequately
0%
adherir-se adhere
0%
administrar administer
0%
Administració administration
0%
administrativa administrative
0%
admirar admire
0%
admetre admit
0%
adult adult
0%
avançar advance
0%
avançat advanced
0%
avantatge advantage
0%
anunciar advertise
0%
anunci advertisement
0%
publicitat advertising
0%
consell advice
0%
aconsellar advise
0%
advocat advocate
0%
estètic aesthetic
0%
afer affair
0%
afectar affect
0%
afecte affection
0%
permetre’s afford
0%
assequible affordable
0%
por afraid
0%
després after
0%
conseqüències aftermath
0%
tarda afternoon
0%
després afterwards
0%
en contra against
0%
edat age
0%
envellit aged
0%
agressivitat aggression
0%
agressiu aggressive
0%
fa ago
0%
acordar agree
0%
acord agreement
0%
agrícola agricultural
0%
agricultura agriculture
0%
ah ah
0%
endavant ahead
0%
ajuda aid
0%
ajudant aide
0%
SIDA AIDS
0%
objectiu aim
0%
avions aircraft
0%
companyia aèria airline
0%
alarma alarm
0%
encara que albeit
0%
àlbum album
0%
alcohòlica alcoholic
0%
alerta alert
0%
alienígena alien
0%
alinear align
0%
alineació alignment
0%
igual alike
0%
viu alive
0%
tots all
0%
al · legació allegation
0%
al·legar allege
0%
suposadament allegedly
0%
caiman alligator
0%
assignar allocate
0%
assignació allocation
0%
permetre allow
0%
subsidi allowance
0%
tot bé all right
0%
aliat ally
0%
gairebé almost
0%
al llarg along
0%
al costat alongside
0%
ja already
0%
alternativa alternative
0%
encara que although
0%
en conjunt altogether
0%
alumini aluminium
0%
sempre always
0%
meravellat amazed
0%
ambiciós ambitious
0%
ambulància ambulance
0%
modificar amend
0%
esmena amendment
0%
enmig amid
0%
entre among
0%
quantitat amount
0%
divertit amusing
0%
un an
0%
analitzar analyse
0%
anàlisi analysis
0%
analista analyst
0%
avantpassat ancestor
0%
àncora anchor
0%
antiga ancient
0%
enfadat angry
0%
animació animation
0%
turmell ankle
0%
aniversari anniversary
0%
anunciar announce
0%
anunci announcement
0%
molestar annoy
0%
anual annual
0%
anualment annually
0%
anònim anonymous
0%
un altre another
0%
resposta answer
0%
formiga ant
0%
preveure anticipate
0%
ansietat anxiety
0%
ansiós anxious
0%
cap any
0%
qualsevol anybody
0%
més any more
0%
qualsevol cosa anything
0%
de totes maneres anyway
0%
on sigui anywhere
0%
a part apart
0%
apartament apartment
0%
disculpes apologize
0%
disculpes apology
0%
aplicació app
0%
aparell apparatus
0%
aparent apparent
0%
aparentment apparently
0%
atractiu appealing
0%
apareixer appear
0%
gana appetite
0%
aplaudir applaud
0%
sol · licitant applicant
0%
senyalar appoint
0%
apreciar appreciate
0%
enfocament approach
0%
apropiat appropriate
0%
adequadament appropriately
0%
aprovació approval
0%
aproximadament approximately
0%
Abril April
0%
arbitrari arbitrary
0%
arquitectònica architectural
0%
Arxiu archive
0%
arena arena
0%
sens dubte arguably
0%
argumentar argue
0%
argument argument
0%
sorgir arise
0%
braç arm
0%
armat armed
0%
braços arms
0%
exèrcit army
0%
arranjar arrange
0%
arranjament arrangement
0%
matriu array
0%
aturar arrest
0%
arribada arrival
0%
fletxa arrow
0%
art art
0%
article article
0%
articular articulate
0%
artista artist
0%
obra d’art artwork
0%
com as
0%
cendra ash
0%
avergonyit ashamed
0%
a part aside
0%
preguntar ask
0%
adormit asleep
0%
aspiració aspiration
0%
aspirar aspire
0%
assassinat assassination
0%
assalt assault
0%
muntar assemble
0%
muntatge assembly
0%
afirmar assert
0%
afirmació assertion
0%
avaluar assess
0%
valoració assessment
0%
actiu asset
0%
assignar assign
0%
encàrrec assignment
0%
assistir assist
0%
assistència assistance
0%
associats associated
0%
Associació association
0%
suposició assumption
0%
garantia assurance
0%
assegurar assure
0%
sorprenent astonishing
0%
atmosfera atmosphere
0%
atrocitat atrocity
0%
adjuntar attach
0%
adjunt attachment
0%
atac attack
0%
assolir attain
0%
intent attempt
0%
assistir attend
0%
assistència attendance
0%
atenció attention
0%
actitud attitude
0%
advocat attorney
0%
atreure attract
0%
atracció attraction
0%
atractiu attractive
0%
atribut attribute
0%
subhasta auction
0%
públic audience
0%
àudio audio
0%
Agost August
0%
autèntic authentic
0%
autoritzar authorize
0%
automàticament automatically
0%
autonomia autonomy
0%
tardor autumn
0%
disponibilitat availability
0%
disponible available
0%
mitjana average
0%
evitar avoid
0%
esperar await
0%
premi award
0%
conscient aware
0%
consciència awareness
0%
lluny away
0%
horrible awful
0%
incòmode awkward
0%
nadó baby
0%
esquena back
0%
teló de fons backdrop
0%
fons background
0%
suport backing
0%
còpia de seguretat backup
0%
cap enrere backwards
0%
bacteris bacteria
0%
dolent bad
0%
insígnia badge
0%
malament badly
0%
bossa bag
0%
fiança bail
0%
enfornar bake
0%
equilibri balance
0%
equilibrat balanced
0%
pilota ball
0%
ballet ballet
0%
globus balloon
0%
prohibició ban
0%
plàtan banana
0%
banda band
0%
pancarta banner
0%
bar bar
0%
nu bare
0%
amb prou feines barely
0%
negociació bargain
0%
barril barrel
0%
beisbol baseball
0%
basat based
0%
soterrani basement
0%
bàsic basic
0%
base basis
0%
cistella basket
0%
bàsquet basketball
0%
baix bass
0%
ratpenat bat
0%
bany bath
0%
bany bathroom
0%
pila battery
0%
camp de batalla battlefield
0%
badia bay
0%
biga beam
0%
mongeta bean
0%
suportar bear
0%
batre beat
0%
perquè because
0%
convertir-se en become
0%
dormitori bedroom
0%
abella bee
0%
vedella beef
0%
cervesa beer
0%
abans before
0%
començar begin
0%
començament beginning
0%
en nom behalf
0%
comportar-se behave
0%
comportament behaviour
0%
darrere behind
0%
ser being
0%
estimada beloved
0%
cinturó belt
0%
referent benchmark
0%
doblegar bend
0%
a sota beneath
0%
beneficiós beneficial
0%
beneficiari beneficiary
0%
doblegat bent
0%
al costat beside
0%
a més besides
0%
millor best
0%
aposta bet
0%
trair betray
0%
millor better
0%
entre between
0%
més enllà beyond
0%
parcialitat bias
0%
oferta bid
0%
gran big
0%
factura bill
0%
mil milions billion
0%
paperera bin
0%
lligar bind
0%
biografia biography
0%
biològic biological
0%
ocell bird
0%
aniversari birthday
0%
galeta biscuit
0%
bisbe bishop
0%
bisó bison
0%
bit bit
0%
mossegada bite
0%
estrany bizarre
0%
fulla blade
0%
en blanc blank
0%
manta blanket
0%
explosió blast
0%
sagnar bleed
0%
mescla blend
0%
beneir bless
0%
benedicció blessing
0%
bloc block
0%
bloc blog
0%
Ros blonde
0%
sang blood
0%
cop blow
0%
blau blue
0%
pissarra board
0%
presumir boast
0%
vaixell boat
0%
bullir boil
0%
agosarat bold
0%
bomba bomb
0%
bombardeig bombing
0%
llaç bond
0%
os bone
0%
bonificació bonus
0%
reserva booking
0%
boom boom
0%
estímul boost
0%
arrencada boot
0%
avorrit boring
0%
nascut born
0%
demanar prestat borrow
0%
cap boss
0%
tots dos both
0%
molestar bother
0%
ampolla bottle
0%
inferior bottom
0%
rebotar bounce
0%
lligat bound
0%
límit boundary
0%
arc bow
0%
Caixa box
0%
xicot boyfriend
0%
cervell brain
0%
branca branch
0%
marca brand
0%
valent brave
0%
incompliment breach
0%
pa bread
0%
trencar break
0%
desglossament breakdown
0%
avenç breakthrough
0%
pit breast
0%
respirar breathe
0%
la respiració breathing
0%
raça breed
0%
maó brick
0%
núvia bride
0%
breu brief
0%
breument briefly
0%
brillant bright
0%
brillant brilliant
0%
ample broad
0%
banda ampla broadband
0%
emissió broadcast
0%
emissora broadcaster
0%
a grans trets broadly
0%
germà brother
0%
marró brown
0%
navegador browser
0%
pinzell brush
0%
bombolla bubble
0%
dòlar buck
0%
amic buddy
0%
pressupost budget
0%
tampó buffer
0%
error bug
0%
a granel bulk
0%
toro bull
0%
bala bullet
0%
munt bunch
0%
càrrega burden
0%
enterrament burial
0%
cremar burn
0%
explosió burst
0%
enterrar bury
0%
autobús bus
0%
matoll bush
0%
negocis business
0%
home de negocis businessman
0%
ocupat busy
0%
però but
0%
mantega butter
0%
botó button
0%
comprar buy
0%
per by
0%
cabina cabin
0%
gabinet cabinet
0%
cafè cafe
0%
calcular calculate
0%
anomenada call
0%
calma calm
0%
camell camel
0%
càmera camera
0%
campament camp
0%
campament camping
0%
campus campus
0%
llauna can
0%
canal canal
0%
cancel · lar cancel
0%
càncer cancer
0%
candidat candidate
0%
espelma candle
0%
tela canvas
0%
capacitat capability
0%
capaç capable
0%
capacitat capacity
0%
capitalisme capitalism
0%
capitalista capitalist
0%
capità captain
0%
cotxe car
0%
carboni carbon
0%
targeta card
0%
cura care
0%
carrera career
0%
amb compte careful
0%
amb cura carefully
0%
descurat careless
0%
càrrega cargo
0%
catifa carpet
0%
pastanaga carrot
0%
portar carry
0%
dibuixos animats cartoon
0%
tallar carve
0%
Caixa case
0%
diners en efectiu cash
0%
casino casino
0%
repartiment cast
0%
castell castle
0%
casual casual
0%
víctima casualty
0%
catàleg catalogue
0%
agafar catch
0%
atendre cater
0%
ramat cattle
0%
causa cause
0%
precaució caution
0%
prudent cautious
0%
cova cave
0%
cessar cease
0%
celebritat celebrity
0%
cel·la cell
0%
cementiri cemetery
0%
segle century
0%
cerimònia ceremony
0%
cert certain
0%
sens dubte certainly
0%
certificat certificate
0%
cadena chain
0%
cadira chair
0%
president chairman
0%
desafiament challenge
0%
desafiant challenging
0%
cambra chamber
0%
camaleó chameleon
0%
campió champion
0%
canvi change
0%
canal channel
0%
capítol chapter
0%
personatge character
0%
característica characteristic
0%
caracteritzar characterize
0%
carregar charge
0%
caritat charity
0%
encant charm
0%
encantador charming
0%
gràfic chart
0%
carta charter
0%
persecució chase
0%
xat chat
0%
barat cheap
0%
galta cheek
0%
animar cheer
0%
alegre cheerful
0%
formatge cheese
0%
guepard cheetah
0%
xef chef
0%
química chemical
0%
pit chest
0%
pollastre chicken
0%
cap chief
0%
nen child
0%
xip chip
0%
xocolata chocolate
0%
elecció choice
0%
cor choir
0%
triar choose
0%
tallar chop
0%
crònica chronic
0%
tros chunk
0%
cercle circle
0%
circuit circuit
0%
circular circulate
0%
citar cite
0%
ciutadà citizen
0%
ciutadania citizenship
0%
civil civilian
0%
civilització civilization
0%
cloïssa clam
0%
aclarir clarify
0%
claredat clarity
0%
xoc clash
0%
classe class
0%
clàssic classic
0%
clàssica classical
0%
classificació classification
0%
classificar classify
0%
aula classroom
0%
clàusula clause
0%
clar clear
0%
clarament clearly
0%
empleat clerk
0%
intel·ligent clever
0%
feu clic click
0%
client client
0%
penya-segat cliff
0%
escalar climb
0%
aferrar-se cling
0%
clínica clinic
0%
clínica clinical
0%
clip clip
0%
rellotge clock
0%
Tanca close
0%
tancat closed
0%
de prop closely
0%
tela cloth
0%
roba clothes
0%
roba clothing
0%
núvol cloud
0%
club club
0%
pista clue
0%
clúster cluster
0%
carbó coal
0%
costaners coastal
0%
abric coat
0%
cognitiu cognitive
0%
coincidir coincide
0%
refredat cold
0%
col·laborar collaborate
0%
col·laboració collaboration
0%
col·lega colleague
0%
recollir collect
0%
col · lecció collection
0%
col·lectiu collective
0%
col·leccionista collector
0%
la universitat college
0%
colonial colonial
0%
colònia colony
0%
color colour
0%
de colors coloured
0%
columnista columnist
0%
combat combat
0%
combinar combine
0%
vine come
0%
comèdia comedy
0%
comoditat comfort
0%
còmode comfortable
0%
comandament command
0%
comandant commander
0%
començar commence
0%
comentar comment
0%
comentari commentary
0%
comercial commercial
0%
comissió commission
0%
comissari commissioner
0%
comprometre’s commit
0%
compromís commitment
0%
comitè committee
0%
mercaderia commodity
0%
comunament commonly
0%
comunicació communication
0%
comunista communist
0%
comunitat community
0%
company companion
0%
empresa company
0%
comparativa comparative
0%
obligar compel
0%
convincent compelling
0%
compensar compensate
0%
competir compete
0%
competència competence
0%
competent competent
0%
competició competition
0%
competitiu competitive
0%
compilar compile
0%
queixar-se complain
0%
denúncia complaint
0%
complement complement
0%
completament completely
0%
finalització completion
0%
complex complex
0%
compliment compliance
0%
complicat complicated
0%
complir comply
0%
component component
0%
compondre compose
0%
compositor composer
0%
composició composition
0%
compost compound
0%
integral comprehensive
0%
comprèn comprise
0%
compromís compromise
0%
obligatòria compulsory
0%
calcular compute
0%
ordinador computer
0%
amagar conceal
0%
concebre conceive
0%
concepte concept
0%
concepció conception
0%
preocupació concern
0%
preocupat concerned
0%
concert concert
0%
concessió concession
0%
conclusió conclusion
0%
formigó concrete
0%
condemnar condemn
0%
conducta conduct
0%
conferir confer
0%
conferència conference
0%
configuració configuration
0%
confinar confine
0%
confirmació confirmation
0%
conflicte conflict
0%
enfrontar-se confront
0%
confrontació confrontation
0%
confondre confuse
0%
confús confusing
0%
felicitar congratulate
0%
congregació congregation
0%
congressual congressional
0%
connectar connect
0%
connectat connected
0%
conquerir conquer
0%
conscient conscious
0%
consciència consciousness
0%
consentiment consent
0%
conseqüència consequence
0%
conseqüentment consequently
0%
conservació conservation
0%
conservador conservative
0%
conservar conserve
0%
considerar consider
0%
considerable considerable
0%
considerablement considerably
0%
consideració consideration
0%
consistir consist
0%
de manera coherent consistently
0%
constantment constantly
0%
circumscripció electoral constituency
0%
constituir constitute
0%
constitució constitution
0%
restricció constraint
0%
construir construct
0%
construcció construction
0%
consultar consult
0%
consultor consultant
0%
consulta consultation
0%
consum consumption
0%
contenir contain
0%
contenidor container
0%
contemplar contemplate
0%
menyspreu contempt
0%
lluitar contend
0%
contendent contender
0%
contingut content
0%
contenció contention
0%
concurs contest
0%
context context
0%
continent continent
0%
contínuament continually
0%
continuar continue
0%
contínua continuous
0%
contracte contract
0%
contractista contractor
0%
contràriament contrary
0%
contrast contrast
0%
contribuir contribute
0%
col·laborador contributor
0%
control control
0%
polèmica controversy
0%
comoditat convenience
0%
convencional conventional
0%
conversa conversation
0%
conversió conversion
0%
transmetre convey
0%
condemnat convict
0%
convicció conviction
0%
convèncer convince
0%
convincent convincing
0%
cuinar cook
0%
cuina cooker
0%
cuinar cooking
0%
cooperar cooperate
0%
cooperativa cooperative
0%
coordinar coordinate
0%
coordinació coordination
0%
coordinador coordinator
0%
policia cop
0%
fer front cope
0%
coure copper
0%
còpia copy
0%
copyright copyright
0%
corall coral
0%
nucli core
0%
corporatiu corporate
0%
corporació corporation
0%
correcte correct
0%
correctament correctly
0%
correlació correlation
0%
correspondre correspond
0%
corresponsal correspondent
0%
passadís corridor
0%
corruptes corrupt
0%
corrupció corruption
0%
cost cost
0%
costós costly
0%
disfressa costume
0%
cabana cottage
0%
cotó cotton
0%
podria could
0%
consell council
0%
regidor councillor
0%
assessorament counselling
0%
conseller counsellor
0%
comptar count
0%
contrapartida counterpart
0%
innombrables countless
0%
camp countryside
0%
comtat county
0%
cop d’estat coup
0%
parella couple
0%
coratge courage
0%
curs course
0%
cort court
0%
cortesia courtesy
0%
cosí cousin
0%
coberta cover
0%
cobertura coverage
0%
cobert covered
0%
vaca cow
0%
cranc crab
0%
crack crack
0%
artesania craft
0%
xoc crash
0%
crema cream
0%
crear create
0%
criatura creature
0%
credibilitat credibility
0%
creïble credible
0%
crèdit credit
0%
arrossegar-se creep
0%
tripulació crew
0%
crim crime
0%
criminal criminal
0%
crisi crisis
0%
criteri criterion
0%
crític critic
0%
críticament critically
0%
crítica criticism
0%
crítica critique
0%
cultiu crop
0%
multitud crowd
0%
ple de gent crowded
0%
corona crown
0%
crucial crucial
0%
cru crude
0%
cruel cruel
0%
creuer cruise
0%
aixafar crush
0%
plorar cry
0%
cristall crystal
0%
senyal cue
0%
culte cult
0%
conrear cultivate
0%
cultural cultural
0%
tassa cup
0%
armari cupboard
0%
curar cure
0%
curiós curious
0%
arrissat curly
0%
moneda currency
0%
actual current
0%
currículum curriculum
0%
cortina curtain
0%
corba curve
0%
corbat curved
0%
custòdia custody
0%
costum custom
0%
client customer
0%
tallar cut
0%
bonic cute
0%
tall cutting
0%
cicle cycle
0%
cínic cynical
0%
pare dad
0%
diàriament daily
0%
lactis dairy
0%
presa dam
0%
dany damage
0%
perjudicial damaging
0%
dansa dance
0%
ballarina dancer
0%
perill danger
0%
perillós dangerous
0%
atrevir-se dare
0%
fosc dark
0%
foscor darkness
0%
dades data
0%
base de dades database
0%
alba dawn
0%
dia day
0%
data límit deadline
0%
acord deal
0%
distribuïdor dealer
0%
estimada dear
0%
debat debate
0%
restes debris
0%
deute debt
0%
debut debut
0%
dècada decade
0%
decent decent
0%
decidir decide
0%
decisió decision
0%
presa de decisions decision-making
0%
coberta deck
0%
declivi decline
0%
decorar decorate
0%
disminuir decrease
0%
dedicat dedicated
0%
dedicació dedication
0%
escriptura deed
0%
considerar deem
0%
profunda deep
0%
cérvol deer
0%
per defecte default
0%
defecte defect
0%
defensar defend
0%
defensor defender
0%
defensiu defensive
0%
dèficit deficit
0%
definitiu definite
0%
definitivament definitely
0%
definició definition
0%
desafiar defy
0%
grau degree
0%
retard delay
0%
delegat delegate
0%
delegació delegation
0%
esborrar delete
0%
deliberada deliberate
0%
deliberadament deliberately
0%
delícia delight
0%
encantat delighted
0%
lliurar deliver
0%
lliurament delivery
0%
democràcia democracy
0%
democràtic democratic
0%
dimoni demon
0%
demostrar demonstrate
0%
negació denial
0%
denunciar denounce
0%
densa dense
0%
densitat density
0%
dentista dentist
0%
partir depart
0%
sortida departure
0%
dependència dependence
0%
representar depict
0%
desplegar deploy
0%
desplegament deployment
0%
dipòsit deposit
0%
deprimit depressed
0%
privar deprive
0%
profunditat depth
0%
diputat deputy
0%
derivar derive
0%
baixar descend
0%
descens descent
0%
descriure describe
0%
descripció description
0%
desert desert
0%
mereix deserve
0%
disseny design
0%
designar designate
0%
desitjable desirable
0%
desig desire
0%
escriptori desk
0%
escriptori desktop
0%
desesperada desperate
0%
desesperadament desperately
0%
malgrat despite
0%
destinació destination
0%
destruir destroy
0%
destrucció destruction
0%
destructiu destructive
0%
detall detail
0%
detallat detailed
0%
detenir detain
0%
detectar detect
0%
detecció detection
0%
detectiu detective
0%
detenció detention
0%
deteriorar deteriorate
0%
determinar determine
0%
determinat determined
0%
desenvolupar develop
0%
desenvolupament development
0%
diable devil
0%
idear devise
0%
dedicar devote
0%
diagnosticar diagnose
0%
diagnòstic diagnosis
0%
diagrama diagram
0%
diàleg dialogue
0%
diamant diamond
0%
diari diary
0%
dictar dictate
0%
dictador dictator
0%
diccionari dictionary
0%
morir die
0%
dieta diet
0%
diferència difference
0%
diferenciar differentiate
0%
diferent differently
0%
dificultat difficulty
0%
cavar dig
0%
digital digital
0%
dignitat dignity
0%
dilema dilemma
0%
dimensió dimension
0%
disminuir diminish
0%
sopar dinner
0%
immersió dip
0%
diplomàtic diplomat
0%
direcció direction
0%
directori directory
0%
brutícia dirt
0%
brut dirty
0%
discapacitat disabled
0%
desavantatge disadvantage
0%
discrepar disagree
0%
desacord disagreement
0%
desaparèixer disappear
0%
decebre disappoint
0%
decebedor disappointing
0%
decepció disappointment
0%
desastre disaster
0%
desastrosa disastrous
0%
descartar discard
0%
descàrrega discharge
0%
revelar disclose
0%
divulgació disclosure
0%
descompte discount
0%
desanimar discourage
0%
discurs discourse
0%
descobrir discover
0%
descobriment discovery
0%
discutir discuss
0%
discussió discussion
0%
malaltia disease
0%
deshonest dishonest
0%
desagradar dislike
0%
acomiadar dismiss
0%
acomiadament dismissal
0%
desordre disorder
0%
desplaçar displace
0%
visualització display
0%
disposició disposal
0%
disposar dispose
0%
disputa dispute
0%
interrompre disrupt
0%
interrupció disruption
0%
dissoldre dissolve
0%
llunyà distant
0%
distintes distinct
0%
distintiu distinctive
0%
distingir distinguish
0%
distorsionar distort
0%
distreure distract
0%
angoixa distress
0%
repartir distribute
0%
molestar disturb
0%
inquietant disturbing
0%
immersió dive
0%
desviar divert
0%
divina divine
0%
divisió division
0%
fer do
0%
metge doctor
0%
documental documentary
0%
gos dog
0%
dòlar dollar
0%
dofí dolphin
0%
domini domain
0%
domèstic domestic
0%
domini dominance
0%
dominant dominant
0%
dominar dominate
0%
donar donate
0%
donació donation
0%
donant donor
0%
porta door
0%
dosi dose
0%
punt dot
0%
doble double
0%
dubte doubt
0%
cap avall down
0%
descarregar download
0%
a baix downstairs
0%
centre de la ciutat downtown
0%
cap avall downwards
0%
dotzena dozen
0%
esborrany draft
0%
libèl·lula dragonfly
0%
desguàs drain
0%
drama drama
0%
dramàticament dramatically
0%
sorteig draw
0%
dibuixant drawing
0%
somni dream
0%
vestit dressed
0%
deriva drift
0%
beure drink
0%
conductor driver
0%
conduir driving
0%
tirar drop
0%
sequera drought
0%
ofegar drown
0%
droga drug
0%
borratxo drunk
0%
sec dry
0%
dual dual
0%
doblar dub
0%
ànec duck
0%
degut due
0%
avorrit dull
0%
muda dumb
0%
abocador dump
0%
duo duo
0%
durada duration
0%
pols dust
0%
deure duty
0%
cadascun each
0%
àguila eagle
0%
orella ear
0%
guanyar earn
0%
guanys earnings
0%
terra earth
0%
terratrèmol earthquake
0%
facilitat ease
0%
fàcilment easily
0%
est east
0%
oriental eastern
0%
menjar eat
0%
eco echo
0%
ecològic ecological
0%
econòmica economic
0%
economia economics
0%
economista economist
0%
economia economy
0%
vora edge
0%
editar edit
0%
edició edition
0%
editor editor
0%
editorial editorial
0%
educar educate
0%
educat educated
0%
educació education
0%
educativa educational
0%
educador educator
0%
anguila eel
0%
efecte effect
0%
eficaçment effectively
0%
efectivitat effectiveness
0%
eficiència efficiency
0%
eficientment efficiently
0%
esforç effort
0%
ou egg
0%
ego ego
0%
vuit eight
0%
vuitanta eighty
0%
tampoc either
0%
colze elbow
0%
gent gran elderly
0%
elegit elect
0%
elecció election
0%
electoral electoral
0%
elèctrica electric
0%
elèctrica electrical
0%
electricitat electricity
0%
electrònica electronic
0%
electrònica electronics
0%
elegant elegant
0%
element element
0%
elemental elementary
0%
elefant elephant
0%
elevar elevate
0%
elegible eligible
0%
eliminar eliminate
0%
elit elite
0%
altra cosa else
0%
en una altra part elsewhere
0%
correu electrònic email
0%
embarcar embark
0%
avergonyit embarrassed
0%
vergonyós embarrassing
0%
vergonya embarrassment
0%
incrustar embed
0%
encarnar embody
0%
abraçar embrace
0%
sorgir emerge
0%
emissió emission
0%
emoció emotion
0%
èmfasi emphasis
0%
emfatitzar emphasize
0%
empírica empirical
0%
emprar employ
0%
empleat employee
0%
empresari employer
0%
ocupació employment
0%
autoritzar empower
0%
buit empty
0%
habilitar enable
0%
promulgar enact
0%
abastar encompass
0%
trobada encounter
0%
animar encourage
0%
estímul encouragement
0%
encoratjador encouraging
0%
final end
0%
esforç endeavour
0%
final ending
0%
sense fi endless
0%
avalar endorse
0%
aval endorsement
0%
resistir endure
0%
fer complir enforce
0%
execució enforcement
0%
comprometre’s engage
0%
compromesa engaged
0%
compromís engagement
0%
atractiu engaging
0%
motor engine
0%
enginyer engineer
0%
millorar enhance
0%
agradable enjoyable
0%
suficient enough
0%
preguntar enquire
0%
investigació enquiry
0%
inscriure’s enrol
0%
es produeixen ensue
0%
assegurar ensure
0%
entrar enter
0%
empresa enterprise
0%
entretenir entertain
0%
entretingut entertaining
0%
entreteniment entertainment
0%
sencer entire
0%
completament entirely
0%
autoritzar entitle
0%
entitat entity
0%
empresari entrepreneur
0%
entrada entry
0%
sobre envelope
0%
medi ambient environment
0%
ambiental environmental
0%
epidèmia epidemic
0%
episodi episode
0%
igual equal
0%
igualtat equality
0%
igualment equally
0%
equació equation
0%
equivalent equivalent
0%
era era
0%
esclatar erupt
0%
escalar escalate
0%
escapar escape
0%
especialment especially
0%
essència essence
0%
essencial essential
0%
essencialment essentially
0%
establir establish
0%
establiment establishment
0%
finca estate
0%
estimació estimate
0%
ètic ethical
0%
ètnics ethnic
0%
evacuo evacuate
0%
avaluar evaluate
0%
avaluació evaluation
0%
fins i tot even
0%
vespre evening
0%
esdeveniment event
0%
eventualment eventually
0%
sempre ever
0%
tothom everybody
0%
cada dia everyday
0%
tothom everyone
0%
tot everything
0%
proves evidence
0%
evident evident
0%
dolent evil
0%
evocar evoke
0%
evolutiu evolutionary
0%
evolucionar evolve
0%
exagerar exaggerate
0%
examen examination
0%
examinar examine
0%
exemple example
0%
superar exceed
0%
excel·lència excellence
0%
excepte except
0%
excepció exception
0%
excés excess
0%
intercanvi exchange
0%
emocionat excited
0%
emoció excitement
0%
emocionant exciting
0%
exclusivament exclusively
0%
excusa excuse
0%
executar execute
0%
exercici exercise
0%
exercir exert
0%
exposició exhibition
0%
exili exile
0%
existir exist
0%
exòtic exotic
0%
expandir expand
0%
esperar expect
0%
expectativa expectation
0%
esperat expected
0%
despesa expenditure
0%
despesa expense
0%
car expensive
0%
experiència experience
0%
experimentat experienced
0%
experimental experimental
0%
expert expert
0%
experiència expertise
0%
caducar expire
0%
explicar explain
0%
explicació explanation
0%
explícit explicit
0%
explotar explode
0%
explotació exploitation
0%
exploració exploration
0%
explorar explore
0%
explosiu explosive
0%
exposar expose
0%
exposició exposure
0%
expressar express
0%
expressió expression
0%
estendre extend
0%
extensió extension
0%
extensa extensive
0%
extensament extensively
0%
extensió extent
0%
extern external
0%
extra extra
0%
extracte extract
0%
extremadament extremely
0%
teixit fabric
0%
cara face
0%
facilitar facilitate
0%
instal·lació facility
0%
fet fact
0%
facció faction
0%
factor factor
0%
fàbrica factory
0%
professorat faculty
0%
esvair fade
0%
fracassar fail
0%
fracàs failure
0%
Fira fair
0%
justament fairly
0%
Justícia fairness
0%
fals fake
0%
caure fall
0%
FALS FALSE
0%
fama fame
0%
familiar familiar
0%
família family
0%
famós famous
0%
ventilador fan
0%
luxós fancy
0%
fantàstic fantastic
0%
fantasia fantasy
0%
lluny far
0%
tarifa fare
0%
granja farm
0%
pagès farmer
0%
Agricultura farming
0%
fascinant fascinating
0%
moda fashion
0%
de moda fashionable
0%
subjectar fasten
0%
greix fat
0%
fatal fatal
0%
destí fate
0%
pare father
0%
favor favour
0%
favorit favourite
0%
gesta feat
0%
ploma feather
0%
característica feature
0%
febrer February
0%
alimentar feed
0%
comentaris feedback
0%
sentir feel
0%
sentiment feeling
0%
company fellow
0%
femella female
0%
feminista feminist
0%
tanca fence
0%
Festival festival
0%
pocs few
0%
fibra fibre
0%
camp field
0%
ferotge fierce
0%
cinquè fifth
0%
cinquanta fifty
0%
lluitar fight
0%
lluitant fighting
0%
dossier file
0%
pel·lícula film
0%
cineasta film-maker
0%
filtre filter
0%
final final
0%
financera financial
0%
trobar find
0%
trobant finding
0%
fine
0%
dit finger
0%
acabar finish
0%
foc fire
0%
arma de foc firearm
0%
bomber firefighter
0%
ferm firm
0%
en primer lloc firstly
0%
peixos fish
0%
encaixar fit
0%
aptitud fitness
0%
cinc five
0%
arreglar fix
0%
fixat fixed
0%
aparell fixture
0%
bandera flag
0%
flaix flash
0%
plana flat
0%
sabor flavour
0%
defecte flaw
0%
defectuós flawed
0%
fugir flee
0%
flota fleet
0%
carn flesh
0%
flexibilitat flexibility
0%
flexible flexible
0%
vol flight
0%
flotar float
0%
inundació flood
0%
pis floor
0%
florir flourish
0%
fluir flow
0%
flor flower
0%
grip flu
0%
fluid fluid
0%
volar fly
0%
volant flying
0%
plegar fold
0%
plegable folding
0%
popular folk
0%
segueix follow
0%
següent following
0%
aficionat fond
0%
ximple fool
0%
futbol football
0%
per for
0%
prohibir forbid
0%
força force
0%
previsió forecast
0%
estranger foreign
0%
estranger foreigner
0%
per sempre forever
0%
forjar forge
0%
perdonar forgive
0%
forquilla fork
0%
forma form
0%
formal formal
0%
formació formation
0%
antic former
0%
antigament formerly
0%
fórmula formula
0%
formular formulate
0%
endavant forth
0%
propera forthcoming
0%
afortunat fortunate
0%
sortosament fortunately
0%
quaranta forty
0%
endavant forward
0%
fòssil fossil
0%
acollida foster
0%
trobat found
0%
fundació foundation
0%
quatre four
0%
quart fourth
0%
guineu fox
0%
fracció fraction
0%
fràgil fragile
0%
marc framework
0%
franquícia franchise
0%
francament frankly
0%
frau fraud
0%
llibertat freedom
0%
lliurement freely
0%
congelar freeze
0%
freqüència frequency
0%
freqüent frequent
0%
sovint frequently
0%
fresc fresh
0%
nevera fridge
0%
espantar frighten
0%
espantat frightened
0%
aterridor frightening
0%
granota frog
0%
des de from
0%
davant front
0%
congelat frozen
0%
frustrat frustrated
0%
frustrant frustrating
0%
frustració frustration
0%
fregir fry
0%
combustible fuel
0%
complir fulfil
0%
ple full
0%
a temps complet full-time
0%
totalment fully
0%
diversió fun
0%
funció function
0%
funcional functional
0%
fons fund
0%
finançament funding
0%
recaptació de fons fundraising
0%
divertida funny
0%
pell fur
0%
furiós furious
0%
mobles furniture
0%
a més furthermore
0%
guany gain
0%
galeria gallery
0%
galó gallon
0%
jocs d’atzar gambling
0%
joc game
0%
jocs gaming
0%
escletxa gap
0%
jardí garden
0%
gas gas
0%
aplec gathering
0%
gai gay
0%
mirar fixament gaze
0%
engranatge gear
0%
gènere gender
0%
gen gene
0%
generar generate
0%
genèric generic
0%
geni genius
0%
genocidi genocide
0%
gènere genre
0%
amable gentle
0%
senyor gentleman
0%
geografia geography
0%
fantasma ghost
0%
gegant giant
0%
regal gift
0%
concert gig
0%
girafa giraffe
0%
noia girl
0%
xicota girlfriend
0%
content glad
0%
mirada glance
0%
entreveure glimpse
0%
global global
0%
glòria glory
0%
guant glove
0%
or gold
0%
golf golf
0%
bo good
0%
adéu goodbye
0%
mercaderies goods
0%
preciosa gorgeous
0%
goril·la gorilla
0%
governança governance
0%
governador governor
0%
agafar grab
0%
grau grade
0%
a poc a poc gradually
0%
graduat graduate
0%
gra grain
0%
gran grand
0%
avis grandparent
0%
subvenció grant
0%
gràfic graphic
0%
gràfics graphics
0%
comprensió grasp
0%
herba grass
0%
agraït grateful
0%
gravetat gravity
0%
genial great
0%
molt greatly
0%
verd green
0%
hivernacle greenhouse
0%
saludar greet
0%
graella grid
0%
dol grief
0%
somriure grin
0%
triturar grind
0%
agafar grip
0%
botiga de queviures grocery
0%
brut gross
0%
terra ground
0%
grup group
0%
creixement growth
0%
guerrilla guerrilla
0%
orientació guidance
0%
guia guide
0%
pauta guideline
0%
culpabilitat guilt
0%
culpable guilty
0%
guitarra guitar
0%
pistola gun
0%
paio guy
0%
gimnàs gym
0%
habitat habitat
0%
calamarsa hail
0%
cabell hair
0%
la meitat half
0%
sala hall
0%
parar halt
0%
hàmster hamster
0%
hand
0%
grapat handful
0%
gestionar handle
0%
maneig handling
0%
pràctic handy
0%
penjar hang
0%
passar happen
0%
felicitat happiness
0%
assetjament harassment
0%
port harbour
0%
dur hard
0%
amb prou feines hardly
0%
maquinari hardware
0%
nocius harmful
0%
harmonia harmony
0%
dur harsh
0%
collita harvest
0%
barret hat
0%
odi hatred
0%
embruixada haunt
0%
tenir have
0%
haver de have to
0%
perill hazard
0%
ell he
0%
titular headline
0%
seu headquarters
0%
salut health
0%
atenció sanitària healthcare
0%
saludable healthy
0%
escoltar hear
0%
cor heart
0%
calor heat
0%
calefacció heating
0%
el cel heaven
0%
fortament heavily
0%
pesat heavy
0%
taló heel
0%
alçada height
0%
augmentar heighten
0%
helicòpter helicopter
0%
infern hell
0%
Hola hello
0%
casc helmet
0%
ajuda help
0%
útil helpful
0%
gallina hen
0%
per tant hence
0%
ella her
0%
herba herb
0%
aquí here
0%
patrimoni heritage
0%
heroi hero
0%
seva hers
0%
ella mateixa herself
0%
dubtar hesitate
0%
hola hey
0%
amagar hide
0%
jerarquia hierarchy
0%
alt high
0%
ressaltar highlight
0%
molt highly
0%
d’alt perfil high-profile
0%
carretera highway
0%
hilarant hilarious
0%
turó hill
0%
a si mateix himself
0%
pista hint
0%
contractar hire
0%
seva his
0%
historiador historian
0%
històric historic
0%
històric historical
0%
colpejar hit
0%
pasatemps hobby
0%
aguantar hold
0%
festa holiday
0%
buit hollow
0%
Sant holy
0%
pàtria homeland
0%
sense sostre homeless
0%
deures homework
0%
honest honest
0%
honestedat honesty
0%
ganxo hook
0%
esperançador hopeful
0%
amb sort hopefully
0%
horitzó horizon
0%
banya horn
0%
horror horror
0%
cavall horse
0%
amfitrió host
0%
hostil hostile
0%
hostilitat hostility
0%
calent hot
0%
casa house
0%
llar household
0%
habitatge housing
0%
com how
0%
malgrat això however
0%
enorme huge
0%
humanitari humanitarian
0%
humanitat humanity
0%
humils humble
0%
humorístic humorous
0%
humor humour
0%
cent hundred
0%
famolenc hungry
0%
cacera hunting
0%
huracà hurricane
0%
pressa hurry
0%
ferit hurt
0%
marit husband
0%
hidrogen hydrogen
0%
hiena hyena
0%
hipòtesi hypothesis
0%
jo I
0%
gel ice
0%
gelat ice cream
0%
icona icon
0%
ID ID
0%
idea idea
0%
identificació identification
0%
identificar identify
0%
identitat identity
0%
ideològic ideological
0%
ideologia ideology
0%
idiota idiot
0%
ignorància ignorance
0%
ignorar ignore
0%
malalt ill
0%
malaltia illness
0%
il·lusió illusion
0%
il·lustració illustration
0%
imatge image
0%
imatgeria imagery
0%
imaginari imaginary
0%
imaginació imagination
0%
imagina’t imagine
0%
immediat immediate
0%
immens immense
0%
immigrant immigrant
0%
immigració immigration
0%
immune immune
0%
impacient impatient
0%
implementar implement
0%
implicació implication
0%
implicar imply
0%
importància importance
0%
imposar impose
0%
impressionar impress
0%
impressionat impressed
0%
impressió impression
0%
impressionant impressive
0%
empresonar imprison
0%
presó imprisonment
0%
millorar improve
0%
millora improvement
0%
en in
0%
incapacitat inability
0%
inadequat inadequate
0%
inadequat inappropriate
0%
incentiu incentive
0%
polzada inch
0%
incidència incidence
0%
incident incident
0%
inclinat inclined
0%
incloure include
0%
inclòs included
0%
inclòs including
0%
ingressos income
0%
incorrecte incorrect
0%
augmentar increase
0%
cada cop més increasingly
0%
increïble incredible
0%
increïblement incredibly
0%
incórrer incur
0%
índex index
0%
indicar indicate
0%
indicació indication
0%
indicador indicator
0%
acusació indictment
0%
indígena indigenous
0%
indirectes indirect
0%
individual individual
0%
interior indoor
0%
a l’interior indoors
0%
induir induce
0%
congratular-se indulge
0%
indústria industry
0%
desigualtat inequality
0%
inevitablement inevitably
0%
infant infant
0%
infectar infect
0%
infecció infection
0%
inflació inflation
0%
infligir inflict
0%
influents influential
0%
informació info
0%
informar inform
0%
informal informal
0%
informació information
0%
ingredient ingredient
0%
habitant inhabitant
0%
heretar inherit
0%
iniciar initiate
0%
iniciativa initiative
0%
injectar inject
0%
injecció injection
0%
ferits injured
0%
lesió injury
0%
injustícia injustice
0%
tinta ink
0%
presoner inmate
0%
interior inner
0%
innocent innocent
0%
innovació innovation
0%
innovador innovative
0%
entrada input
0%
insecte insect
0%
inserir insert
0%
inserció insertion
0%
dins inside
0%
insider insider
0%
perspicàcia insight
0%
inspeccionar inspect
0%
inspecció inspection
0%
inspector inspector
0%
instal·lar install
0%
instal·lació installation
0%
instantàniament instantly
0%
en canvi instead
0%
instint instinct
0%
Institut institute
0%
institucional institutional
0%
instructor instructor
0%
instrumental instrumental
0%
insuficient insufficient
0%
insult insult
0%
assegurança insurance
0%
intacte intact
0%
ingesta intake
0%
integrat integrated
0%
integritat integrity
0%
intel·ligència intelligence
0%
intel · ligent intelligent
0%
pretenen intend
0%
previst intended
0%
intens intense
0%
intensificar intensify
0%
intensitat intensity
0%
intensiva intensive
0%
intenció intent
0%
intenció intention
0%
interacció interaction
0%
interactiu interactive
0%
interès interest
0%
interessats interested
0%
interessant interesting
0%
interfície interface
0%
interferir interfere
0%
interferència interference
0%
provisional interim
0%
intermedi intermediate
0%
intern internal
0%
internacional international
0%
internet internet
0%
interpretar interpret
0%
interpretació interpretation
0%
intervenir intervene
0%
intervenció intervention
0%
entrevista interview
0%
íntim intimate
0%
a into
0%
intrigant intriguing
0%
introducció introduction
0%
envair invade
0%
invasió invasion
0%
inventar invent
0%
invenció invention
0%
invertir invest
0%
investigar investigate
0%
investigació investigation
0%
investigador investigator
0%
inversió investment
0%
inversor investor
0%
invisible invisible
0%
invitació invitation
0%
convidar invite
0%
invocar invoke
0%
implicar involve
0%
implicats involved
0%
implicació involvement
0%
ferro iron
0%
ironia irony
0%
irrellevant irrelevant
0%
illa island
0%
aïllar isolate
0%
aïllat isolated
0%
aïllament isolation
0%
assumpte issue
0%
això it
0%
article item
0%
la seva its
0%
mateix itself
0%
jaqueta jacket
0%
presó jail
0%
melmelada jam
0%
gener January
0%
jazz jazz
0%
texans jeans
0%
meduses jellyfish
0%
jet jet
0%
joies jewellery
0%
feina job
0%
uneix-te join
0%
broma joke
0%
revista journal
0%
periodisme journalism
0%
periodista journalist
0%
viatge journey
0%
alegria joy
0%
jutge judge
0%
judici judgement
0%
judicial judicial
0%
suc juice
0%
juliol July
0%
saltar jump
0%
cruïlla junction
0%
juny June
0%
jurisdicció jurisdiction
0%
jurat jury
0%
només just
0%
justícia justice
0%
cangur kangaroo
0%
entusiasmat keen
0%
mantenir keep
0%
clau key
0%
teclat keyboard
0%
puntada kick
0%
segrestar kidnap
0%
ronyó kidney
0%
matar kill
0%
matar killing
0%
quilòmetre kilometre
0%
amable kind
0%
rei king
0%
regne kingdom
0%
petó kiss
0%
cuina kitchen
0%
genoll knee
0%
ganivet knife
0%
toc knock
0%
saber know
0%
coneixement knowledge
0%
laboratori laboratory
0%
treball labour
0%
mancança lack
0%
noi lad
0%
escala ladder
0%
senyora lady
0%
marieta ladybird
0%
llac lake
0%
llum lamp
0%
terra land
0%
aterratge landing
0%
propietari landlord
0%
fita landmark
0%
carril lane
0%
llenguatge language
0%
portàtil laptop
0%
gran large
0%
en gran part largely
0%
a gran escala large-scale
0%
làser laser
0%
darrer last
0%
tard late
0%
darrerament lately
0%
més tard later
0%
més recent latest
0%
darrer latter
0%
riure laugh
0%
riure laughter
0%
llançament launch
0%
Llei law
0%
gespa lawn
0%
plet lawsuit
0%
advocat lawyer
0%
estirar lay
0%
capa layer
0%
maquetació layout
0%
mandrós lazy
0%
dirigir lead
0%
líder leader
0%
lideratge leadership
0%
liderant leading
0%
full leaf
0%
fulletó leaflet
0%
fugida leak
0%
magra lean
0%
Salt, saltar leap
0%
aprendre learn
0%
aprenentatge learning
0%
almenys least
0%
cuir leather
0%
marxar leave
0%
Conferència lecture
0%
esquerra left
0%
cama leg
0%
llegat legacy
0%
llegenda legend
0%
legislativa legislative
0%
legislatura legislature
0%
oci leisure
0%
prestar lend
0%
llarg lengthy
0%
lent lens
0%
lesbiana lesbian
0%
menor lesser
0%
lliçó lesson
0%
deixar let
0%
letal lethal
0%
carta letter
0%
responsable liable
0%
alliberament liberation
0%
llicència license
0%
mentida lie
0%
vida life
0%
tota la vida lifelong
0%
tota una vida lifetime
0%
aixecar lift
0%
il·luminació lighting
0%
M’agrada like
0%
probabilitat likelihood
0%
probable likely
0%
igualment likewise
0%
límit limit
0%
limitació limitation
0%
limitada limited
0%
línia line
0%
lineal linear
0%
alineació line-up
0%
perdurar linger
0%
enllaç link
0%
lleó lion
0%
llavi lip
0%
líquid liquid
0%
llista list
0%
escolta listen
0%
oient listener
0%
llistat listing
0%
l’alfabetització literacy
0%
literalment literally
0%
literària literary
0%
literatura literature
0%
escombraries litter
0%
poc little
0%
viu live
0%
animada lively
0%
fetge liver
0%
vivent living
0%
càrrega load
0%
vestíbul lobby
0%
llagosta lobster
0%
locals local
0%
localitzar locate
0%
situat located
0%
ubicació location
0%
pany lock
0%
registre log
0%
lògic logical
0%
logotip logo
0%
solitària lonely
0%
llarg long
0%
de llarga durada long-standing
0%
llarg termini long-term
0%
llarg temps long-time
0%
mira look
0%
teler loom
0%
bucle loop
0%
solta loose
0%
senyor lord
0%
camió lorry
0%
perdre lose
0%
pèrdua loss
0%
perdut lost
0%
lot lot
0%
loteria lottery
0%
fort loud
0%
en veu alta loudly
0%
amor love
0%
encantador lovely
0%
baix low
0%
lleial loyal
0%
lleialtat loyalty
0%
sort luck
0%
sort lucky
0%
luxe luxury
0%
lírica lyric
0%
màquina machine
0%
boig mad
0%
revista magazine
0%
màgia magic
0%
màgic magical
0%
magistrat magistrate
0%
magnètic magnetic
0%
magnífic magnificent
0%
correu mail
0%
terra ferma mainland
0%
corrent principal mainstream
0%
mantenir maintain
0%
manteniment maintenance
0%
major major
0%
majoria majority
0%
fer make
0%
fent making
0%
mascle male
0%
centre comercial mall
0%
home man
0%
gestionar manage
0%
gestió management
0%
mandat mandate
0%
obligatòria mandatory
0%
manifest manifest
0%
manipulació manipulation
0%
fabricació manufacture
0%
fabricació manufacturing
0%
manuscrit manuscript
0%
molts many
0%
mapa map
0%
marató marathon
0%
març March
0%
marxa march
0%
marge margin
0%
marginal marginal
0%
marí marine
0%
senyal mark
0%
màrqueting marketing
0%
mercat marketplace
0%
matrimoni marriage
0%
casat married
0%
casar-se marry
0%
marcial martial
0%
màscara mask
0%
massacre massacre
0%
massiva massive
0%
mestre master
0%
partit match
0%
coincidència matching
0%
company mate
0%
material material
0%
matemàtic mathematical
0%
matemàtiques mathematics
0%
maximitzar maximize
0%
màxim maximum
0%
maig May
0%
pot ser maybe
0%
alcalde mayor
0%
menjar meal
0%
significar mean
0%
significat meaning
0%
significatiu meaningful
0%
significa means
0%
Mentrestant meantime
0%
mentrestant meanwhile
0%
mesura measurement
0%
carn meat
0%
mecànica mechanic
0%
mecanisme mechanism
0%
medalla medal
0%
mitjans de comunicació media
0%
mèdic medical
0%
medicació medication
0%
medicament medicine
0%
medieval medieval
0%
mitjà medium
0%
trobar-se meet
0%
reunió meeting
0%
melodia melody
0%
fondre melt
0%
membre member
0%
pertinença membership
0%
nota memo
0%
memòria memoir
0%
memorable memorable
0%
memorial memorial
0%
memòria memory
0%
mental mental
0%
mentor mentor
0%
comerciant merchant
0%
gràcies mercy
0%
mera mere
0%
simplement merely
0%
fusionar merge
0%
fusió merger
0%
mèrit merit
0%
embolic mess
0%
missatge message
0%
metall metal
0%
metodologia methodology
0%
metre metre
0%
mig middle
0%
mitjanit midnight
0%
mitjà midst
0%
podria might
0%
migració migration
0%
lleu mild
0%
milla mile
0%
militar military
0%
milícia militia
0%
molí mill
0%
milions million
0%
ment mind
0%
el meu mine
0%
mineral mineral
0%
mínim minimal
0%
minimitzar minimize
0%
mínim minimum
0%
mineria mining
0%
ministre minister
0%
menor minor
0%
minoria minority
0%
mirall mirror
0%
miserable miserable
0%
enganyós misleading
0%
senyoreta miss
0%
míssil missile
0%
desaparegut missing
0%
missió mission
0%
errada mistake
0%
barrejar mix
0%
mescla mixture
0%
turba mob
0%
mòbil mobile
0%
mobilitat mobility
0%
mobilitzar mobilize
0%
mode mode
0%
model model
0%
moderada moderate
0%
Modest modest
0%
modificació modification
0%
modificar modify
0%
moment moment
0%
impuls momentum
0%
dilluns Monday
0%
diners money
0%
monitor monitor
0%
monjo monk
0%
mico monkey
0%
monopoli monopoly
0%
mes month
0%
mensual monthly
0%
lluna moon
0%
moral moral
0%
moralitat morality
0%
més more
0%
a més moreover
0%
matí morning
0%
hipoteca mortgage
0%
la majoria most
0%
majoritàriament mostly
0%
mare mother
0%
moviment motion
0%
motivació motivation
0%
motiu motive
0%
motor motor
0%
moto motorcycle
0%
motorista motorist
0%
muntar mount
0%
muntanya mountain
0%
ratolí mouse
0%
boca mouth
0%
moure’s move
0%
moviment movement
0%
movent-se moving
0%
molt much
0%
fang mud
0%
múltiples multiple
0%
multiplicar multiply
0%
múscul muscle
0%
música music
0%
músic musician
0%
haver de must
0%
jo mateix myself
0%
misteri mystery
0%
mite myth
0%
clau nail
0%
nus naked
0%
nom name
0%
és a dir namely
0%
narrativa narrative
0%
estret narrow
0%
desagradable nasty
0%
nacional national
0%
a nivell nacional nationwide
0%
autòcton native
0%
naturalment naturally
0%
naturalesa nature
0%
prop near
0%
a prop nearby
0%
gairebé nearly
0%
net neat
0%
necessaris necessary
0%
necessitat necessity
0%
coll neck
0%
necessitat need
0%
negligència neglect
0%
negociació negotiation
0%
veí neighbour
0%
veïna neighbouring
0%
tampoc neither
0%
nervi nerve
0%
niu nest
0%
net net
0%
neutre neutral
0%
mai never
0%
no obstant nevertheless
0%
recentment newly
0%
Notícies news
0%
butlletí newsletter
0%
diari newspaper
0%
Al costat de next to
0%
bonic nice
0%
nínxol niche
0%
nit night
0%
malson nightmare
0%
dinou nineteen
0%
noranta ninety
0%
no no
0%
noble noble
0%
ningú nobody
0%
assenteix nod
0%
soroll noise
0%
sorollós noisy
0%
nominar nominate
0%
nominat nominee
0%
cap none
0%
tanmateix nonetheless
0%
sense ànim de lucre non-profit
0%
tonteries nonsense
0%
migdia noon
0%
ni tampoc nor
0%
norma norm
0%
nord northern
0%
nas nose
0%
no not
0%
notable notable
0%
quadern notebook
0%
res nothing
0%
avís notice
0%
noció notion
0%
novel·la novel
0%
de novembre November
0%
ara now
0%
avui dia nowadays
0%
enlloc nowhere
0%
nuclear nuclear
0%
nombre number
0%
infermera nurse
0%
guarderia nursery
0%
infermeria nursing
0%
nou nut
0%
l’obesitat obesity
0%
obeir obey
0%
objecte object
0%
objecció objection
0%
objectiu objective
0%
obligar oblige
0%
observar observe
0%
observador observer
0%
obstacle obstacle
0%
obtenir obtain
0%
evidentment obviously
0%
ocasió occasion
0%
ocasional occasional
0%
de tant en tant occasionally
0%
ocupació occupation
0%
ocorren occur
0%
aparició occurrence
0%
oceà ocean
0%
en punt o’clock
0%
Octubre October
0%
pop octopus
0%
estrany odd
0%
possibilitats odds
0%
apagat off
0%
ofensa offence
0%
ofendre offend
0%
delinqüent offender
0%
ofensiu offensive
0%
oferta offer
0%
ofrena offering
0%
oficina office
0%
descendència offspring
0%
sovint often
0%
oh oh
0%
D’acord OK
0%
vell old
0%
passat de moda old-fashioned
0%
activat on
0%
un one
0%
en marxa ongoing
0%
ceba onion
0%
en línia online
0%
només only
0%
cap a onto
0%
obert open
0%
obertura opening
0%
obertament openly
0%
òpera opera
0%
funcionar operate
0%
funcionament operation
0%
operatiu operational
0%
oposar-se a oppose
0%
oposat opposed
0%
contrari opposite
0%
optar opt
0%
òptica optical
0%
optimisme optimism
0%
optimista optimistic
0%
opció option
0%
o or
0%
oral oral
0%
taronja orange
0%
orquestra orchestra
0%
ordinari ordinary
0%
òrgan organ
0%
organització organization
0%
organitzatiu organizational
0%
organitzat organized
0%
organitzador organizer
0%
orientació orientation
0%
origen origin
0%
original original
0%
originàriament originally
0%
estruç ostrich
0%
d’una altra manera otherwise
0%
hauria ought
0%
nostre ours
0%
brot outbreak
0%
resultat outcome
0%
exterior outdoor
0%
a l’aire lliure outdoors
0%
exterior outer
0%
vestit outfit
0%
sortida outing
0%
sortida outlet
0%
esquema outline
0%
perspectiva outlook
0%
sortida output
0%
indignació outrage
0%
fora outside
0%
foraster outsider
0%
excepcional outstanding
0%
forn oven
0%
acabat over
0%
en general overall
0%
superar overcome
0%
passar per alt overlook
0%
excessivament overly
0%
durant la nit overnight
0%
ultramar overseas
0%
supervisar oversee
0%
bolcar overturn
0%
aclaparar overwhelm
0%
aclaparador overwhelming
0%
deure owe
0%
òliba owl
0%
propi own
0%
propietari owner
0%
propietat ownership
0%
oxigen oxygen
0%
ritme pace
0%
paquet pack
0%
paquet package
0%
paquet packet
0%
coixinet pad
0%
pàgina page
0%
dolor pain
0%
dolorós painful
0%
pintor painter
0%
pintura painting
0%
parella pair
0%
palau palace
0%
pàl·lid pale
0%
palmell palm
0%
paella pan
0%
panda panda
0%
panell panel
0%
pantalons pants
0%
paper paper
0%
cercavila parade
0%
paràgraf paragraph
0%
paral·lel parallel
0%
paràmetre parameter
0%
pare parent
0%
parental parental
0%
parròquia parish
0%
aparcament parking
0%
parlament parliament
0%
lloro parrot
0%
participant participant
0%
participar participate
0%
participació participation
0%
particular particular
0%
en part partly
0%
soci partner
0%
associació partnership
0%
temps parcial part-time
0%
festa party
0%
passar pass
0%
passatge passage
0%
passatger passenger
0%
passant passing
0%
apassionat passionate
0%
passiu passive
0%
passat past
0%
pastor pastor
0%
pegat patch
0%
patent patent
0%
Camí path
0%
camí pathway
0%
paciència patience
0%
patrulla patrol
0%
mecenes patron
0%
patró pattern
0%
pausa pause
0%
pagar pay
0%
pagament payment
0%
pau peace
0%
Pacífic peaceful
0%
cim peak
0%
camperol peasant
0%
peculiar peculiar
0%
company peer
0%
pelicà pelican
0%
bolígraf pen
0%
penalització penalty
0%
llapis pencil
0%
pingüí penguin
0%
cèntim penny
0%
pensió pension
0%
gent people
0%
pebre pepper
0%
per per
0%
percebre perceive
0%
percentatge percentage
0%
percepció perception
0%
perfecte perfect
0%
realitzar perform
0%
rendiment performance
0%
potser perhaps
0%
permís permission
0%
permís permit
0%
persistir persist
0%
persistent persistent
0%
persona person
0%
personals personal
0%
personalitat personality
0%
personalment personally
0%
personal personnel
0%
perspectiva perspective
0%
persuadir persuade
0%
mascota pet
0%
petició petition
0%
benzina petrol
0%
fase phase
0%
fenomen phenomenon
0%
filòsof philosopher
0%
filosòfic philosophical
0%
filosofia philosophy
0%
telèfon phone
0%
fotògraf photographer
0%
frase phrase
0%
físic physical
0%
física physics
0%
recollir pick
0%
imatge picture
0%
peça piece
0%
porc pig
0%
pila pile
0%
pin pin
0%
pioner pioneer
0%
canonada pipe
0%
canonada pipeline
0%
pirata pirate
0%
fossa pit
0%
Brea pitch
0%
llàstima pity
0%
lloc place
0%
col·locació placement
0%
plana plain
0%
pla plan
0%
avió plane
0%
planeta planet
0%
planificació planning
0%
planta plant
0%
plàstic plastic
0%
placa plate
0%
jugar play
0%
jugador player
0%
súplica plea
0%
suplicar plead
0%
agradable pleasant
0%
content pleased
0%
plaer pleasure
0%
penyora pledge
0%
molt plenty
0%
parcel · la plot
0%
endoll plug
0%
submergir-se plunge
0%
més plus
0%
poema poem
0%
poeta poet
0%
poesia poetry
0%
apuntat pointed
0%
verí poison
0%
verinós poisonous
0%
pal pole
0%
policia policeman
0%
política policy
0%
educat polite
0%
polític political
0%
polític politician
0%
enquesta poll
0%
Pol · lució pollution
0%
estany pond
0%
pobre poor
0%
pop pop
0%
població population
0%
port port
0%
cartera portfolio
0%
porció portion
0%
retrat portrait
0%
retratar portray
0%
posar pose
0%
posició position
0%
posseir possess
0%
possessió possession
0%
possibilitat possibility
0%
possible possible
0%
possiblement possibly
0%
publicació post
0%
cartell poster
0%
posposar postpone
0%
postguerra post-war
0%
olla pot
0%
potencialment potentially
0%
lliura pound
0%
pobresa poverty
0%
pols powder
0%
pràctica practice
0%
pràctica practise
0%
practicant practitioner
0%
elogis praise
0%
pregar pray
0%
pregària prayer
0%
predicar preach
0%
precedeix precede
0%
preciós precious
0%
precís precise
0%
precisament precisely
0%
predir predict
0%
previsible predictable
0%
predicció prediction
0%
predominantment predominantly
0%
embaràs pregnancy
0%
embarassada pregnant
0%
preliminar preliminary
0%
primer ministre premier
0%
premissa premise
0%
premium premium
0%
preparació preparation
0%
preparar prepare
0%
prescriure prescribe
0%
prescripció prescription
0%
presència presence
0%
present present
0%
presentació presentation
0%
actualment presently
0%
conservació preservation
0%
preservar preserve
0%
presidir preside
0%
presidència presidency
0%
presidencial presidential
0%
premsa press
0%
pressió pressure
0%
prestigiós prestigious
0%
presumiblement presumably
0%
fingir pretend
0%
bonic pretty
0%
prevaldre prevail
0%
prevalença prevalence
0%
prevenir prevent
0%
prevenció prevention
0%
anterior previous
0%
prèviament previously
0%
presa prey
0%
sacerdot priest
0%
abans de res primarily
0%
primer prime
0%
primer ministre prime minister
0%
princesa princess
0%
principi principle
0%
imprimir print
0%
impressora printer
0%
impressió printing
0%
anterior prior
0%
prioritat priority
0%
pres prisoner
0%
privadesa privacy
0%
privat private
0%
privatització privatization
0%
probabilitat probability
0%
probable probable
0%
sonda probe
0%
problema problem
0%
problemàtica problematic
0%
procediment procedure
0%
procedir proceed
0%
procediments proceedings
0%
procés process
0%
processament processing
0%
processador processor
0%
proclamar proclaim
0%
produir produce
0%
producte product
0%
producció production
0%
productiu productive
0%
productivitat productivity
0%
professió profession
0%
professora professor
0%
Perfil profile
0%
aprofitable profitable
0%
profunda profound
0%
programa programme
0%
programació programming
0%
prohibit prohibit
0%
projecció projection
0%
destacat prominent
0%
promesa promise
0%
prometedor promising
0%
promoure promote
0%
prompte prompt
0%
pronunciar pronounce
0%
pronunciat pronounced
0%
prova proof
0%
adequat proper
0%
correctament properly
0%
propietat property
0%
proporció proportion
0%
proposta proposal
0%
proposar propose
0%
proposta proposition
0%
processar prosecute
0%
processament prosecution
0%
fiscal prosecutor
0%
perspectiva prospect
0%
prospectiva prospective
0%
prosperitat prosperity
0%
protegir protect
0%
protecció protection
0%
protectora protective
0%
proteïna protein
0%
manifestant protester
0%
protocol protocol
0%
orgullós proud
0%
demostrar prove
0%
proporcionar provide
0%
provincial provincial
0%
disposició provision
0%
provocar provoke
0%
psiquiàtric psychiatric
0%
psicològic psychological
0%
psicòleg psychologist
0%
pub pub
0%
publicació publication
0%
publicació publishing
0%
estirar pull
0%
pols pulse
0%
bomba pump
0%
punxada punch
0%
castigar punish
0%
càstig punishment
0%
punk punk
0%
alumne pupil
0%
compra purchase
0%
pur pure
0%
purament purely
0%
porpra purple
0%
propòsit purpose
0%
perseguir pursue
0%
persecució pursuit
0%
empènyer push
0%
posar put
0%
trencaclosques puzzle
0%
qualificació qualification
0%
qualificat qualified
0%
qualificar qualify
0%
qualitat quality
0%
trimestre quarter
0%
consulta query
0%
recerca quest
0%
qüestionari questionnaire
0%
cua queue
0%
ràpidament quickly
0%
tranquil quiet
0%
en silenci quietly
0%
sortir quit
0%
quota quota
0%
citació quotation
0%
cita quote
0%
carrera race
0%
carreres racing
0%
racisme racism
0%
racista racist
0%
radar radar
0%
radical radical
0%
ràdio radio
0%
ràbia rage
0%
raid raid
0%
ferrocarril rail
0%
ferrocarril railway
0%
pluja rain
0%
pujar raise
0%
concentració rally
0%
rang range
0%
rang rank
0%
classificació ranking
0%
violació rape
0%
ràpid rapid
0%
ràpidament rapidly
0%
rar rare
0%
rata rat
0%
taxa rate
0%
més aviat rather
0%
qualificació rating
0%
proporció ratio
0%
crua raw
0%
raig ray
0%
arribar reach
0%
reacció reaction
0%
lector reader
0%
fàcilment readily
0%
lectura reading
0%
llest ready
0%
real real
0%
realitat reality
0%
realització realization
0%
adonar-se realize
0%
realment really
0%
regne realm
0%
posterior rear
0%
raó reason
0%
raonament reasoning
0%
tranquil·litzar reassure
0%
rebel rebel
0%
rebel·lió rebellion
0%
recordar recall
0%
rebut receipt
0%
rebre receive
0%
receptor receiver
0%
recent recent
0%
recepció reception
0%
destinatari recipient
0%
comptar reckon
0%
recomanar recommend
0%
recomanació recommendation
0%
reconstrucció reconstruction
0%
registre record
0%
gravació recording
0%
recompte recount
0%
recuperar recover
0%
recuperació recovery
0%
reclutar recruit
0%
reciclar recycle
0%
reduir reduce
0%
reducció reduction
0%
referir-se refer
0%
àrbitre referee
0%
referèndum referendum
0%
reflectir reflect
0%
reflexió reflection
0%
reforma reform
0%
refugi refuge
0%
negativa refusal
0%
rebutjar refuse
0%
recuperar regain
0%
respecte regard
0%
sense detriment regardless
0%
règim regime
0%
regió region
0%
registrar-se register
0%
registre registration
0%
lamentar regret
0%
regular regular
0%
regularment regularly
0%
regular regulate
0%
regulació regulation
0%
reguladora regulatory
0%
regnar reign
0%
reforçar reinforce
0%
rebutjar reject
0%
rebuig rejection
0%
relacionar relate
0%
relacionats related
0%
relació relation
0%
relatiu relative
0%
relativament relatively
0%
relaxat relaxed
0%
relaxant relaxing
0%
alliberament release
0%
pertinença relevance
0%
fiabilitat reliability
0%
relleu relief
0%
alleujar relieve
0%
alleujat relieved
0%
religió religion
0%
religiós religious
0%
reticents reluctant
0%
confiar rely
0%
romandre remain
0%
resta remainder
0%
restes remains
0%
observació remark
0%
notable remarkable
0%
notablement remarkably
0%
remei remedy
0%
recordar remind
0%
recordatori reminder
0%
remot remote
0%
eliminació removal
0%
eliminar remove
0%
de renom renowned
0%
lloguer rental
0%
reparació repair
0%
repetir repeat
0%
repetida repeated
0%
substituir replace
0%
substitució replacement
0%
resposta reply
0%
informe report
0%
segons informa reportedly
0%
periodista reporter
0%
informes reporting
0%
representar represent
0%
representació representation
0%
representant representative
0%
reproducció reproduction
0%
República republic
0%
petició request
0%
requereixen require
0%
requisit requirement
0%
rescat rescue
0%
recerca research
0%
investigador researcher
0%
semblar resemble
0%
reserva reservation
0%
reserva reserve
0%
residir reside
0%
residència residence
0%
resident resident
0%
residencial residential
0%
dimitir resign
0%
renúncia resignation
0%
resistir resist
0%
resolució resolution
0%
resoldre resolve
0%
recurs resort
0%
recurs resource
0%
respecte respect
0%
respectives respective
0%
descans rest
0%
restauració restoration
0%
contenció restraint
0%
restringir restrict
0%
restricció restriction
0%
resum resume
0%
venda al detall retail
0%
retenir retain
0%
jubilar-se retire
0%
jubilat retired
0%
jubilació retirement
0%
retirada retreat
0%
recuperar retrieve
0%
tornar return
0%
revelar reveal
0%
ingressos revenue
0%
revés reverse
0%
revisió review
0%
revisió revision
0%
renaixement revival
0%
reviure revive
0%
revolució revolution
0%
revolucionari revolutionary
0%
recompensa reward
0%
retòrica rhetoric
0%
rinoceront rhinoceros
0%
ritme rhythm
0%
arròs rice
0%
ric rich
0%
eliminar rid
0%
passeig ride
0%
rifle rifle
0%
dret right
0%
disturbis riot
0%
descansi en pau rip
0%
pujar rise
0%
risc risk
0%
arriscat risky
0%
ritual ritual
0%
carretera road
0%
robar rob
0%
robatori robbery
0%
robot robot
0%
robust robust
0%
coet rocket
0%
vareta rod
0%
paper role
0%
rotllo roll
0%
romanç romance
0%
romàntic romantic
0%
habitació room
0%
gall rooster
0%
arrel root
0%
corda rope
0%
rosa rose
0%
girar rotate
0%
rotació rotation
0%
aspre rough
0%
aproximadament roughly
0%
rodó round
0%
ruta route
0%
rutina routine
0%
fila row
0%
Reial royal
0%
fregar rub
0%
goma d’esborrar rubber
0%
escombraries rubbish
0%
groller rude
0%
ruïna ruin
0%
regla rule
0%
decisió ruling
0%
correr run
0%
corredor runner
0%
corrent running
0%
rural rural
0%
sac sack
0%
sagrat sacred
0%
trist sad
0%
tristament sadly
0%
Caixa forta safe
0%
seguretat safety
0%
navegar sail
0%
navegant sailing
0%
mariner sailor
0%
Sant saint
0%
sake sake
0%
amanida salad
0%
sou salary
0%
venda sale
0%
sal salt
0%
mateix same
0%
mostra sample
0%
sorra sand
0%
entrepà sandwich
0%
satèl·lit satellite
0%
satisfet satisfied
0%
satisfer satisfy
0%
dissabte Saturday
0%
guardar save
0%
estalviant saving
0%
escala scale
0%
escanejar scan
0%
escàndol scandal
0%
por scare
0%
espantós scary
0%
dispersos scattered
0%
escenari scenario
0%
escèptic sceptical
0%
horari schedule
0%
esquema scheme
0%
erudit scholar
0%
beca scholarship
0%
escola school
0%
ciència science
0%
científic scientific
0%
científic scientist
0%
abast scope
0%
puntuació score
0%
rascar scratch
0%
cridar scream
0%
pantalla screen
0%
projecció screening
0%
cargol screw
0%
guió script
0%
escrutini scrutiny
0%
mar sea
0%
gavina seagull
0%
segell seal
0%
cerca search
0%
temporada season
0%
seient seat
0%
segon second
0%
secundària secondary
0%
en segon lloc secondly
0%
secret secret
0%
secretari secretary
0%
secció section
0%
sector sector
0%
secular secular
0%
segur secure
0%
seguretat security
0%
veure see
0%
llavor seed
0%
buscar seek
0%
cercador seeker
0%
semblar seem
0%
aparentment seemingly
0%
segment segment
0%
aprofitar seize
0%
poques vegades seldom
0%
selecció selection
0%
jo mateix self
0%
seminari seminar
0%
major senior
0%
sensació sensation
0%
sentit sense
0%
sensible sensitive
0%
sensibilitat sensitivity
0%
frase sentence
0%
sentiment sentiment
0%
separat separate
0%
seqüència sequence
0%
sèrie serial
0%
sèrie series
0%
seriós serious
0%
servent servant
0%
sessió session
0%
conjunt set
0%
configuració setting
0%
resoldre settle
0%
assentament settlement
0%
colon settler
0%
muntatge set-up
0%
set seven
0%
disset seventeen
0%
setanta seventy
0%
diversos several
0%
greu severe
0%
severament severely
0%
sexe sex
0%
sexual sexual
0%
sexualitat sexuality
0%
ombra shade
0%
ombra shadow
0%
sacsejar shake
0%
haurà shall
0%
vergonya shame
0%
forma shape
0%
en forma shaped
0%
Compartir share
0%
accionista shareholder
0%
agut sharp
0%
fer miques shatter
0%
cobert shed
0%
ovelles sheep
0%
pur sheer
0%
fulla sheet
0%
prestatge shelf
0%
closca shell
0%
refugi shelter
0%
canvi shift
0%
brillar shine
0%
brillant shiny
0%
Enviament shipping
0%
camisa shirt
0%
xoc shock
0%
commocionat shocked
0%
impactant shocking
0%
sabata shoe
0%
disparant shooting
0%
botiga shop
0%
compres shopping
0%
Riba shore
0%
curt short
0%
en breu shortly
0%
Curt termini short-term
0%
espatlla shoulder
0%
cridar shout
0%
espectacle show
0%
dutxa shower
0%
gambes shrimp
0%
encongir shrink
0%
arronsar les espatlles shrug
0%
tanca shut
0%
tímid shy
0%
germà sibling
0%
malalt sick
0%
costat side
0%
vista sight
0%
signe sign
0%
senyal signal
0%
importància significance
0%
significatiu significant
0%
significativament significantly
0%
silenci silence
0%
de seda silk
0%
ximple silly
0%
plata silver
0%
semblants similar
0%
semblança similarity
0%
de la mateixa manera similarly
0%
senzillament simply
0%
simular simulate
0%
simulació simulation
0%
simultàniament simultaneously
0%
pecat sin
0%
des que since
0%
sincera sincere
0%
cantar sing
0%
cantant singer
0%
cantant singing
0%
solter single
0%
pica sink
0%
senyor sir
0%
germana sister
0%
seure sit
0%
lloc site
0%
sis six
0%
seixanta sixty
0%
mida size
0%
esbós sketch
0%
esquí ski
0%
esquiar skiing
0%
habilitat skill
0%
hàbil skilled
0%
pell skin
0%
Omet skip
0%
faldilla skirt
0%
crani skull
0%
cel sky
0%
slam slam
0%
bufetada slap
0%
barra slash
0%
esclau slave
0%
esclavitud slavery
0%
dormir sleep
0%
llesca slice
0%
diapositiva slide
0%
lleu slight
0%
lleugerament slightly
0%
relliscar slip
0%
eslògan slogan
0%
pendent slope
0%
ranura slot
0%
lent slow
0%
lentament slowly
0%
intel·ligent smart
0%
telèfon intel·ligent smartphone
0%
aixafar smash
0%
olor smell
0%
somriure smile
0%
fum smoke
0%
fumar smoking
0%
llis smooth
0%
serp snake
0%
encaixar snap
0%
neu snow
0%
tan so
0%
remullar soak
0%
sabó soap
0%
volar soar
0%
anomenats so-called
0%
socialista socialist
0%
mitjó sock
0%
suau soft
0%
programari software
0%
sòl soil
0%
sola sole
0%
únicament solely
0%
advocat solicitor
0%
solidaritat solidarity
0%
en solitari solo
0%
resoldre solve
0%
alguns some
0%
algú somebody
0%
d’alguna manera somehow
0%
algú someone
0%
alguna vegada sometime
0%
de vegades sometimes
0%
una mica somewhat
0%
en algun lloc somewhere
0%
fill son
0%
cançó song
0%
sofisticat sophisticated
0%
ho sento sorry
0%
ordenar sort
0%
ànima soul
0%
so sound
0%
sopa soup
0%
font source
0%
sud south
0%
meridional southern
0%
sobirania sovereignty
0%
espai space
0%
correu brossa spam
0%
span span
0%
espurna spark
0%
parlar speak
0%
altaveu speaker
0%
especialitzar-se specialize
0%
especialitzat specialized
0%
espècies species
0%
concretament specifically
0%
especificació specification
0%
especificar specify
0%
exemplar specimen
0%
espectacular spectacular
0%
espectador spectator
0%
discurs speech
0%
conjurar spell
0%
ortografia spelling
0%
Gastar spend
0%
despesa spending
0%
esfera sphere
0%
picant spicy
0%
vessament spill
0%
girar spin
0%
columna vertebral spine
0%
esperit spirit
0%
espiritual spiritual
0%
malgrat spite
0%
dividir split
0%
espatllar spoil
0%
parlat spoken
0%
portaveu spokesman
0%
portaveu spokesperson
0%
portaveu spokeswoman
0%
patrocinador sponsor
0%
patrocini sponsorship
0%
cullera spoon
0%
esportiu sporting
0%
taca spot
0%
focus spotlight
0%
cònjuge spouse
0%
espia spy
0%
equip squad
0%
quadrat square
0%
apretar squeeze
0%
calamar squid
0%
esquirol squirrel
0%
estabilitat stability
0%
estabilitzar stabilize
0%
estable stable
0%
estadi stadium
0%
personal staff
0%
etapa stage
0%
estaca stake
0%
parada stall
0%
postura stance
0%
parar stand
0%
estàndard standard
0%
dempeus standing
0%
estrella star
0%
mirar stare
0%
estrelles de mar starfish
0%
crus stark
0%
morir de fam starve
0%
estat state
0%
declaració statement
0%
estació station
0%
estadístic statistical
0%
estàtua statue
0%
estat status
0%
quedar-se stay
0%
constantment steadily
0%
estable steady
0%
robar steal
0%
acer steel
0%
costerut steep
0%
dirigir steer
0%
tija stem
0%
pas step
0%
pal stick
0%
rígid stiff
0%
encara still
0%
estimular stimulate
0%
remenar stir
0%
estoc stock
0%
estómac stomach
0%
pedra stone
0%
Atura stop
0%
emmagatzematge storage
0%
botiga store
0%
tempesta storm
0%
recte straight
0%
senzill straightforward
0%
cep strain
0%
fil strand
0%
estrany strange
0%
desconegut stranger
0%
estratègic strategic
0%
estratègia strategy
0%
corrent stream
0%
carrer street
0%
força strength
0%
enfortir strengthen
0%
estrès stress
0%
estirar stretch
0%
colpejar strike
0%
impactant striking
0%
corda string
0%
tira strip
0%
esforçar-se strive
0%
ictus stroke
0%
fortament strongly
0%
estructura structure
0%
lluitar struggle
0%
estudiant student
0%
estudi studio
0%
estudiar study
0%
ensopegar stumble
0%
aturdir stun
0%
impressionant stunning
0%
estúpid stupid
0%
estil style
0%
assignatura subject
0%
presentació submission
0%
Presentar submit
0%
subscriptor subscriber
0%
subscripció subscription
0%
posterior subsequent
0%
posteriorment subsequently
0%
subvenció subsidy
0%
substancial substantial
0%
substancialment substantially
0%
subtil subtle
0%
suburbi suburb
0%
suburbà suburban
0%
èxit success
0%
reeixit successful
0%
amb èxit successfully
0%
successió succession
0%
successius successive
0%
successor successor
0%
tal such
0%
xuclar suck
0%
de sobte sudden
0%
de sobte suddenly
0%
demandar sue
0%
patir suffer
0%
patiment suffering
0%
suficient sufficient
0%
sucre sugar
0%
suggeriment suggestion
0%
vestit suit
0%
adequat suitable
0%
suite suite
0%
suma sum
0%
resumir summarize
0%
resum summary
0%
cim summit
0%
sol sun
0%
diumenge Sunday
0%
súper super
0%
genial superb
0%
superior superior
0%
supermercat supermarket
0%
supervisar supervise
0%
supervisió supervision
0%
supervisor supervisor
0%
subministrament supply
0%
partidari supporter
0%
solidari supportive
0%
suposadament supposedly
0%
suprimir suppress
0%
suprem supreme
0%
segur sure
0%
superfície surface
0%
augment surge
0%
cirurgia surgery
0%
quirúrgic surgical
0%
excedent surplus
0%
sorpresa surprise
0%
sorprenent surprising
0%
rendir-se surrender
0%
envoltar surround
0%
al voltant de surrounding
0%
vigilància surveillance
0%
sobreviure survive
0%
supervivent survivor
0%
sospitós suspect
0%
suspensió suspension
0%
sospita suspicion
0%
sospitós suspicious
0%
sostenir sustain
0%
sostenible sustainable
0%
empassar swallow
0%
jurar swear
0%
jersei sweater
0%
dolça sweet
0%
natació swimming
0%
gronxador swing
0%
interruptor switch
0%
espasa sword
0%
simpàtic sympathetic
0%
comprensió sympathy
0%
símptoma symptom
0%
síndrome syndrome
0%
síntesi synthesis
0%
sistema system
0%
taula table
0%
tauleta tablet
0%
abordar tackle
0%
tàctica tactical
0%
etiqueta tag
0%
prendre take
0%
conte tale
0%
parlar talk
0%
alt tall
0%
tanc tank
0%
aixeta tap
0%
cinta tape
0%
objectiu target
0%
tasca task
0%
gust taste
0%
impost tax
0%
contribuent taxpayer
0%
te tea
0%
ensenyament teaching
0%
equip team
0%
llàgrima tear
0%
tècnica technical
0%
tècnica technique
0%
tecnològic technological
0%
adolescent teenage
0%
adolescent teenager
0%
joves teens
0%
dir tell
0%
temperatura temperature
0%
temple temple
0%
temporalment temporarily
0%
temptar tempt
0%
deu ten
0%
Llogater tenant
0%
tendeix tend
0%
tendre tender
0%
tensió tension
0%
tenda de campanya tent
0%
tinença tenure
0%
terminal terminal
0%
acabar terminate
0%
termes terms
0%
terreny terrain
0%
terriblement terribly
0%
excel · lent terrific
0%
aterrir terrify
0%
terror terror
0%
terrorisme terrorism
0%
terrorista terrorist
0%
testimoniar testify
0%
testimoni testimony
0%
provant testing
0%
text text
0%
llibre de text textbook
0%
textura texture
0%
que than
0%
per sort thankfully
0%
gràcies thanks
0%
el the
0%
teatre theatre
0%
teatral theatrical
0%
robatori theft
0%
els seus their
0%
els seus theirs
0%
tema theme
0%
ells mateixos themselves
0%
aleshores then
0%
teologia theology
0%
teòric theoretical
0%
allà there
0%
després thereafter
0%
per tant thereby
0%
per tant therefore
0%
tesi thesis
0%
ells they
0%
espés thick
0%
lladre thief
0%
prim thin
0%
cosa thing
0%
pensar think
0%
assedegat thirsty
0%
això this
0%
minuciosa thorough
0%
a fons thoroughly
0%
però though
0%
pensat thought
0%
reflexiva thoughtful
0%
que fa pensar thought-provoking
0%
milers thousand
0%
fil thread
0%
amenaça threat
0%
amenaçar threaten
0%
llindar threshold
0%
emocionat thrilled
0%
prosperar thrive
0%
gola throat
0%
a través through
0%
arreu throughout
0%
polze thumb
0%
dijous Thursday
0%
així thus
0%
bitllet ticket
0%
marea tide
0%
endreçat tidy
0%
corbata tie
0%
estret tight
0%
apretar tighten
0%
fins a till
0%
fusta timber
0%
temps time
0%
oportú timely
0%
llauna tin
0%
petit tiny
0%
propina tip
0%
cansat tired
0%
teixit tissue
0%
títol title
0%
a to
0%
tabac tobacco
0%
avui today
0%
dit del peu toe
0%
lavabo toilet
0%
tolerància tolerance
0%
tolerar tolerate
0%
tomàquet tomato
0%
tona ton
0%
to tone
0%
llengua tongue
0%
aquesta nit tonight
0%
tona tonne
0%
també too
0%
eina tool
0%
dent tooth
0%
tema topic
0%
tirar toss
0%
total total
0%
totalment totally
0%
dur tough
0%
gira tour
0%
turisme tourism
0%
turística tourist
0%
torneig tournament
0%
cap a towards
0%
tovallola towel
0%
torre tower
0%
poble town
0%
joguina toy
0%
traça trace
0%
pista track
0%
marca registrada trademark
0%
comerç trading
0%
trànsit traffic
0%
tragèdia tragedy
0%
pista trail
0%
tràiler trailer
0%
tren train
0%
formació training
0%
tret trait
0%
transacció transaction
0%
transferència transfer
0%
transformar transform
0%
transformació transformation
0%
trànsit transit
0%
transició transition
0%
traduir translate
0%
traducció translation
0%
transmetre transmit
0%
transparència transparency
0%
transparent transparent
0%
trampa trap
0%
trauma trauma
0%
viatger traveller
0%
tresor treasure
0%
tractar treat
0%
tractament treatment
0%
tractat treaty
0%
tremenda tremendous
0%
judici trial
0%
tribal tribal
0%
tribu tribe
0%
tribunal tribunal
0%
homenatge tribute
0%
truc trick
0%
disparador trigger
0%
viatge trip
0%
triomf triumph
0%
tropa troop
0%
tropical tropical
0%
problemes trouble
0%
preocupat troubled
0%
pantalons trousers
0%
camió truck
0%
VERITAT TRUE
0%
veritablement truly
0%
confiar trust
0%
síndic trustee
0%
provar try
0%
Samarreta T-shirt
0%
tsunami tsunami
0%
matrícula tuition
0%
afinar tune
0%
túnel tunnel
0%
torn turn
0%
participació turnout
0%
facturació turnover
0%
TV TV
0%
dotze twelve
0%
vint twenty
0%
dues vegades twice
0%
bessó twin
0%
torçar twist
0%
dos two
0%
típic typical
0%
pneumàtic tyre
0%
definitiva ultimate
0%
en definitiva ultimately
0%
incapaç unable
0%
inacceptable unacceptable
0%
oncle uncle
0%
incòmode uncomfortable
0%
inconscient unconscious
0%
sota under
0%
patir undergo
0%
llicenciat undergraduate
0%
subterrani underground
0%
subjacent underlying
0%
minar undermine
0%
entendre understand
0%
comprensió understanding
0%
emprendre undertake
0%
roba interior underwear
0%
sens dubte undoubtedly
0%
a l’atur unemployed
0%
atur unemployment
0%
inesperat unexpected
0%
injust unfair
0%
desplegar unfold
0%
infeliç unhappy
0%
unificar unify
0%
únic unique
0%
unitat unit
0%
unir-se unite
0%
units united
0%
unitat unity
0%
univers universe
0%
universitat university
0%
desconegut unknown
0%
tret que unless
0%
poc probable unlikely
0%
desagradable unpleasant
0%
sense precedents unprecedented
0%
fins que until
0%
inusual unusual
0%
revelar unveil
0%
amunt up
0%
proper upcoming
0%
actualitzar update
0%
actualització upgrade
0%
sostenir uphold
0%
sobre upon
0%
superior upper
0%
molest upset
0%
a dalt upstairs
0%
cap amunt upwards
0%
urgència urge
0%
urgent urgent
0%
nosaltres us
0%
ús usage
0%
utilitzat used
0%
útil useful
0%
inútil useless
0%
usuari user
0%
habitual usual
0%
generalment usually
0%
utilitat utility
0%
utilitzar utilize
0%
absolutament utterly
0%
vacances vacation
0%
buit vacuum
0%
vaga vague
0%
vàlid valid
0%
validesa validity
0%
vall valley
0%
valuós valuable
0%
valor value
0%
furgoneta van
0%
desaparèixer vanish
0%
variable variable
0%
variació variation
0%
variada varied
0%
varietat variety
0%
diversos various
0%
variar vary
0%
vehicle vehicle
0%
vena vein
0%
aventurar venture
0%
lloc venue
0%
verbal verbal
0%
veredicte verdict
0%
vers verse
0%
versió version
0%
contra versus
0%
vertical vertical
0%
molt very
0%
vaixell vessel
0%
viable viable
0%
vibrant vibrant
0%
vici vice
0%
viciós vicious
0%
víctima victim
0%
victòria victory
0%
vídeo video
0%
espectador viewer
0%
punt de vista viewpoint
0%
poble village
0%
vilatan villager
0%
violar violate
0%
violació violation
0%
virtual virtual
0%
virus virus
0%
visible visible
0%
visita visit
0%
visitant visitor
0%
vital vital
0%
vitamina vitamin
0%
vocal vocal
0%
veu voice
0%
volum volume
0%
votar vote
0%
votació voting
0%
vot vow
0%
vulnerable vulnerable
0%
salari wage
0%
cambrer waiter
0%
caminar walk
0%
deambular wander
0%
voler want
0%
guerra war
0%
barri ward
0%
magatzem warehouse
0%
guerra warfare
0%
escalfament warming
0%
avisar warn
0%
advertència warning
0%
mandat warrant
0%
rentar wash
0%
rentat washing
0%
malbaratament waste
0%
veure watch
0%
manera way
0%
debilitar weaken
0%
debilitat weakness
0%
riquesa wealth
0%
rics wealthy
0%
arma weapon
0%
desgast wear
0%
teixir weave
0%
web web
0%
lloc web website
0%
dimecres Wednesday
0%
mala herba weed
0%
setmanalment weekly
0%
pesar weigh
0%
pes weight
0%
estrany weird
0%
benestar welfare
0%
well
0%
oest west
0%
Occidental western
0%
què what
0%
el que sigui whatever
0%
qualsevol cosa whatsoever
0%
blat wheat
0%
Quan when
0%
on where
0%
mentre que whereas
0%
per la qual cosa whereby
0%
allà on wherever
0%
si whether
0%
quin which
0%
mentre whilst
0%
fuet whip
0%
OMS who
0%
qui sigui whoever
0%
sencer whole
0%
totalment wholly
0%
qui whom
0%
de qui whose
0%
Per què why
0%
ample wide
0%
àmpliament widely
0%
eixamplar widen
0%
generalitzada widespread
0%
vídua widow
0%
amplada width
0%
dona wife
0%
salvatge wild
0%
fauna salvatge wildlife
0%
voluntat will
0%
voluntat willingness
0%
guanyar win
0%
vent wind
0%
finestra window
0%
vi wine
0%
ala wing
0%
hivern winter
0%
netejar wipe
0%
filferro wire
0%
saviesa wisdom
0%
savi wise
0%
desitjar wish
0%
enginy wit
0%
amb with
0%
retirar-se withdraw
0%
retirada withdrawal
0%
dins within
0%
sense without
0%
llop wolf
0%
dona woman
0%
meravellós wonderful
0%
fusta wood
0%
fusta wooden
0%
llana wool
0%
treball work
0%
força de treball workforce
0%
treball working
0%
lloc de treball workplace
0%
taller workshop
0%
món world
0%
arreu del món worldwide
0%
cuc worm
0%
pitjor worse
0%
adoració worship
0%
val la pena worth
0%
val la pena worthwhile
0%
ferida wound
0%
vaja wow
0%
embolicar wrap
0%
canell wrist
0%
escriure write
0%
escriptura writing
0%
mal wrong
0%
pati yard
0%
yeah
0%
curs year
0%
cridar yell
0%
yes
0%
ahir yesterday
0%
encara yet
0%
rendiment yield
0%
vostè you
0%
jove youngster
0%
teu your
0%
teu yours
0%
tu mateix yourself
0%
joventut youth
0%
zebra zebra
0%
No matching quizzes found
Score Distribution
Percent of People with Each Score
Percentile by Number Answered
Your Score History
You have not taken this quiz